{"text_format":"3","workbook":"xlsx","n_sheets":3,"sheets":["Sheet1","Sheet2","Sheet3"],"not_rendered":{"defined_names":1},"read":"whole","date_system":"1900"}

{"sheet":"Sheet1","index":0,"n_rows":254,"n_cols":69,"rows_kept":254}
["CODI_CAS","Sexe","Edat_mesos","Hospital","Data_naixement","IS","Data_inclusio_estudi","estacionalitat","semestre","ANY","Data_ingres_origen","Dies_ingres_hosp_origen","Data_Ingres_H_FIS","Data_alta","Dies_ingres_H_FIS","UCI","Forma_clínica","Pneumonia_complicada","DiagnosticXimatge","Complicació","Complicacions_1","Cultiu_positiu_Hosp_origen","Mostra_hospital_1","cutliu1","PCR1","Mostra_hospital_2","cultiu2","PCR2","mostra_ppal","Tecnica_diag","Situacio_al_alta","Malatia_base","vacuna_pneumo","dosis_vac_pneumo","datavacuna_1","tipus_dosis_1","datavacuna_2","tipus_dosis_2","datavacuna_3","tipus_dosis_3","datavacuna_4","tipus_dosis_4","data_catch_up","tipus_dosis_catch_up","edat_1D","edat_2D","edat_3D","edat_4D","edat_catch_up","tipus_vac_any","ESTAT_VACUNAL_13","ESTAT_VACUNAL_10","ESTAT_VACUNAL_7","obs_vac","Coneix_estat_vacunal_pneumo","SEROTIP","VALENT_7","VALENT_10","VALENT_13","VALENT_23","Fallo_vacunal","Penicilina","PeniCMI","Cefotaxima","CefoCMI","Edat_anys","grup_edat_3","Grup_edat_1","Grup_edat_2"]
[10010,"dona",100,"H. Vall d'Hebron","2003-09-02","2012-01-22","2012-01-28","gener","Primer semestre",2012,null,null,"2012-01-28","2012-02-06",9,"no","Pneumònia complicada","empiema",null,"si",null,null,"Líquid Pleural","negatiu","positiu","Sang","negatiu","negatiu","Líquid Pleural","Només PCR","Curació","No","si",4,"2004-02-19","7v","2004-04-30","7v","2004-06-04","7v","2004-10-15","7v",null,null,5,7,9,13,null,"7v","No vacunat","No vacunat","Complerta",null,"carnet vacunal","1","no","si","si","si","No",{"$nulls":4},8,">=60",">=60 m",">= 60 m"]
[10020,"home",23,"H. Vall d'Hebron","2010-02-07","2012-01-25","2012-01-30","gener","Primer semestre",2012,"2012-01-29",1,"2012-01-30","2012-02-06",7,"no","Pneumònia no complicada",null,null,"no",null,"Sang","Sang","no realitzat","no realitzat",{"$nulls":3},"Sang","Només Cultiu","Curació","No","no",{"$nulls":16},"no vacunat","No vacunat","No vacunat","No vacunat",null,"carnet vacunal","14","si","si","si","si","No",null,2,null,1,1,"0-23","12 a 23 m","7 a 23 m"]
[10030,"home",38,"H. Vall d'Hebron","2008-12-07","2012-02-01","2012-02-09","febrer","Primer semestre",2012,"2012-02-09",0,"2012-02-09","2012-03-10",30,"no","Mastoiditis",null,null,"si","Col·lecció Intracraneal",null,"Mastoides","negatiu","positiu","Sang","negatiu","no realitzat","Mastoides","Només PCR","Curació amb sequeles","No","si",1,"2011-06-09","13v",{"$nulls":8},30,{"$nulls":4},"13v","Complerta","Complerta","Complerta",null,"carnet vacunal","3","no","no","si","si","Fallo 13V",{"$nulls":4},3,"24-59","24 a 59 m","24 a 59 m"]
[10040,"home",160,"H. Vall d'Hebron","1998-10-04","2012-02-11","2012-02-16","febrer","Primer semestre",2012,null,null,"2012-02-16","2012-02-22",6,"no","Pneumònia no complicada",null,null,"no",null,null,"Sang","negatiu","positiu",{"$nulls":3},"Sang","Només PCR","Curació","No","no",{"$nulls":16},"no vacunat","No vacunat","No vacunat","No vacunat",null,"carnet vacunal","3","no","no","si","si","No",{"$nulls":4},13,">=60",">=60 m",">= 60 m"]
[10050,"home",27,"H. Vall d'Hebron","2009-10-21","2012-02-11","2012-02-15","febrer","Primer semestre",2012,"2012-02-15",0,"2012-02-15","2012-03-08",22,"si","Pneumònia complicada","empiema",null,"si","Anemia que va requerir transfusió","Sang","Líquid Pleural","positiu","positiu","Sang","positiu","negatiu","Líquid Pleural","Cultiu+PCR","Curació amb sequeles","No","si",3,"2010-01-27","7v","2010-04-14","7v","2010-11-09","7v",{"$nulls":4},3,5,12,null,null,"7v","No vacunat","No vacunat","Malament",null,"carnet vacunal","7F","no","si","si","si","No",null,0.006,null,0.016,2,"24-59","24 a 59 m","24 a 59 m"]
[10060,"dona",80,"H. Vall d'Hebron","2005-05-23","2012-02-16","2012-02-21","febrer","Primer semestre",2012,null,null,"2012-02-21","2012-02-27",6,"no","Pneumònia no complicada",null,null,"no",null,null,"Sang","negatiu","positiu",{"$nulls":3},"Sang","Només PCR","Curació","No","si",4,"2005-08-24","7v","2005-10-26","7v","2005-12-30","7v","2006-02-24","7v",null,null,3,5,7,9,null,"7v","No vacunat","No vacunat","Malament",null,"carnet vacunal","ONV","no","no","no","no","No",{"$nulls":4},6,">=60",">=60 m",">= 60 m"]
[10070,"home",13,"H. Vall d'Hebron","2010-12-25","2012-02-15","2012-02-23","febrer","Primer semestre",2012,"2012-02-22",1,"2012-02-23","2012-03-07",13,"no","Pneumònia complicada","vessament pleural",null,"si",null,"Sang","Sang","no realitzat","positiu",{"$nulls":3},"Sang","Cultiu+PCR","Curació","No","no",{"$nulls":16},"no vacunat","No vacunat","No vacunat","No vacunat",null,"carnet vacunal","19A","no","no","si","si","No",null,2,null,1,1,"0-23","12 a 23 m","7 a 23 m"]
[10080,"home",18,"H. Vall d'Hebron","2010-08-16","2012-02-25","2012-02-28","febrer","Primer semestre",2012,"2012-02-28",0,"2012-02-28","2012-03-14",15,"no","Pneumònia complicada","empiema",null,"si",null,null,"Líquid Pleural","positiu","positiu",{"$nulls":3},"Líquid Pleural","Cultiu+PCR","Curació amb sequeles","No","no",{"$nulls":16},"no vacunat","No vacunat","No vacunat","No vacunat",null,"carnet vacunal","19A","no","no","si","si","No",null,3,null,1.5,1,"0-23","12 a 23 m","7 a 23 m"]
[10090,"home",35,"H. Vall d'Hebron","2009-03-17","2012-02-24","2012-03-05","març","Primer semestre",2012,"2012-02-29",5,"2012-03-05","2012-03-29",24,"no","Pneumònia complicada","empiema",null,"si","Pneumotòrax",null,"Líquid Pleural","negatiu","positiu",{"$nulls":3},"Líquid Pleural","Només PCR","Curació amb sequeles","No","si",4,"2009-07-17","7v","2009-09-23","7v","2009-12-18","7v","2010-11-04","7v",null,null,4,6,9,19,null,"7v","No vacunat","No vacunat","Complerta",null,"carnet vacunal","3","no","no","si","si","No",{"$nulls":4},2,"24-59","24 a 59 m","24 a 59 m"]
[10100,"dona",33,"H. Vall d'Hebron","2009-06-04","2012-02-27","2012-03-09","març","Primer semestre",2012,"2012-03-02",7,"2012-03-09","2012-03-17",8,"no","Pneumònia complicada","empiema",null,"si",null,null,"Líquid Pleural","negatiu","positiu",{"$nulls":3},"Líquid Pleural","Només PCR","Curació","No","si",4,"2009-09-04","7v","2009-11-23","7v","2010-01-25","7v","2010-12-30","13v",null,null,3,5,7,18,null,"13v","Malament","Malament","Complerta",null,"carnet vacunal","3","no","no","si","si","No",{"$nulls":4},2,"24-59","24 a 59 m","24 a 59 m"]
[10110,"dona",23,"H. Vall d'Hebron","2010-04-01","2012-03-09","2012-03-12","març","Primer semestre",2012,null,null,"2012-03-12","2012-04-06",25,"si","Pneumònia complicada","empiema+pneumonia necrotitzant","RX","si","IRA amb ventilacio mecànica",null,"Líquid Pleural","negatiu","positiu","Sang","negatiu","negatiu","Líquid Pleural","Només PCR","Curació","No","si",4,"2010-09-10","10v","2010-11-18","10v","2011-01-19","10v","2011-07-13","10v",null,null,5,7,9,15,null,"10v","No vacunat","Complerta","Complerta",null,"carnet vacunal","3","no","no","si","si","No",{"$nulls":4},1,"0-23","12 a 23 m","7 a 23 m"]
[10120,"home",54,"H. Vall d'Hebron","2007-09-03","2012-03-21","2012-03-24","març","Primer semestre",2012,"2012-03-24",0,"2012-03-24","2012-04-01",8,"no","Pneumònia complicada","empiema",null,"si",null,null,"Líquid Pleural","negatiu","positiu","Sang","negatiu","positiu","Líquid Pleural","Només PCR","Curació","No","no",{"$nulls":16},"no vacunat","No vacunat","No vacunat","No vacunat",null,"carnet vacunal","ONV","no","no","no","no","No",{"$nulls":4},4,"24-59","24 a 59 m","24 a 59 m"]
[10130,"home",56,"H. Vall d'Hebron","2007-07-12","2012-03-25","2012-03-31","març","Primer semestre",2012,null,null,"2012-03-31","2012-04-08",8,"no","Pneumònia complicada","empiema",null,"si",null,null,"Líquid Pleural","positiu","positiu","Sang","negatiu","negatiu","Líquid Pleural","Cultiu+PCR","Curació","No","no",{"$nulls":16},"no vacunat","No vacunat","No vacunat","No vacunat",null,"carnet vacunal","1","no","si","si","si","No",null,0.05,null,0.05,4,"24-59","24 a 59 m","24 a 59 m"]
[10140,"dona",78,"H. Vall d'Hebron","2005-10-01","2012-04-01","2012-04-10","abril","Primer semestre",2012,null,null,"2012-04-10","2012-04-20",10,"no","Pneumònia complicada","empiema",null,"si",null,null,"Líquid Pleural","negatiu","positiu","Sang","no realitzat","negatiu","Líquid Pleural","Només PCR","Curació","No","si",2,"2006-07-14","7v","2007-07-13","7v",{"$nulls":6},9,21,{"$nulls":3},"7v","No vacunat","No vacunat","Malament",null,"carnet vacunal","1","no","si","si","si","No",{"$nulls":4},6,">=60",">=60 m",">= 60 m"]
[10150,"dona",45,"H. Vall d'Hebron","2008-07-17","2012-04-18","2012-04-21","abril","Primer semestre",2012,null,null,"2012-04-21","2012-05-01",10,"si","Pneumònia complicada","empiema",null,"si",null,null,"Sang","positiu","positiu","Sang","positiu","negatiu","Sang","Cultiu+PCR","Curació","No","no",{"$nulls":16},"no vacunat","No vacunat","No vacunat","No vacunat",null,"carnet vacunal","1","no","si","si","si","No",null,0.032,null,0.032,3,"24-59","24 a 59 m","24 a 59 m"]
[10160,"home",16,"H. Vall d'Hebron","2010-11-29","2012-04-13","2012-04-20","abril","Primer semestre",2012,null,null,"2012-04-20","2012-05-02",12,"no","Pneumònia complicada","empiema",null,"si",null,null,"Líquid Pleural","negatiu","positiu","Sang","negatiu","negatiu","Líquid Pleural","Només PCR","Curació","No","no",{"$nulls":16},"no vacunat","No vacunat","No vacunat","No vacunat",null,"carnet vacunal","3","no","no","si","si","No",{"$nulls":4},1,"0-23","12 a 23 m","7 a 23 m"]
[10170,"home",56,"H. Vall d'Hebron","2007-08-27","2012-04-28","2012-04-30","abril","Primer semestre",2012,null,null,"2012-04-30","2012-05-06",6,"no","Pneumònia no complicada",null,null,"no",null,null,"Sang","positiu","positiu",{"$nulls":3},"Sang","Cultiu+PCR","Curació","No","si",2,"2009-05-08","7v","2010-03-30","10v",{"$nulls":6},20,31,{"$nulls":3},"10v","No vacunat","Complerta","Complerta",null,"carnet vacunal","1","no","si","si","si","Fallo 10V",null,0.016,null,0.016,4,"24-59","24 a 59 m","24 a 59 m"]
[10180,"home",32,"H. Vall d'Hebron","2009-09-16","2012-05-29","2012-05-30","maig","Primer semestre",2012,null,null,"2012-05-30","2012-06-04",5,"no","Pneumònia no complicada",null,null,"no",null,null,"Sang","positiu","no realitzat",{"$nulls":3},"Sang","Només Cultiu","Curació","Si","si",1,"2009-11-18","7v",{"$nulls":8},2,{"$nulls":4},"7v","No vacunat","No vacunat","Malament",null,"carnet vacunal","6B","si","si","si","si","No",null,0.125,null,0.047,2,"24-59","24 a 59 m","24 a 59 m"]
[10190,"dona",55,"H. Vall d'Hebron","2008-02-23","2012-10-18","2012-10-21","octubre","Segon semestre",2012,null,null,"2012-10-21","2012-10-29",8,"no","Pneumònia no complicada",null,null,"no",null,null,"Sang","positiu","negatiu",{"$nulls":3},"Sang","Només Cultiu","Curació","No","si",2,"2008-10-21","7v","2009-07-03","7v",{"$nulls":6},7,16,{"$nulls":3},"7v","No vacunat","No vacunat","Malament",null,"carnet vacunal","1","no","si","si","si","No",null,0.03,null,0.03,4,"24-59","24 a 59 m","24 a 59 m"]
[10200,"dona",36,"H. Vall d'Hebron","2009-11-21","2012-11-22","2012-11-26","novembre","Segon semestre",2012,null,null,"2012-11-26","2012-12-11",15,"no","Pneumònia complicada","vessament pleural","RX+TAC","si",null,null,"Sang","positiu","positiu",{"$nulls":3},"Sang","Cultiu+PCR","Curació","No","no",{"$nulls":16},"no vacunat","No vacunat","No vacunat","No vacunat",null,"història clínica","19A","no","no","si","si","No",null,0.5,null,0.12,3,"24-59","24 a 59 m","24 a 59 m"]
[10210,"dona",193,"H. Vall d'Hebron","1996-03-23","2012-05-02","2012-05-03","maig","Primer semestre",2012,null,null,"2012-05-03","2012-06-06",34,"no","Pneumònia no complicada",null,null,"no",null,null,"Sang","positiu","negatiu",{"$nulls":3},"Sang","Només Cultiu","Curació","Si","no",{"$nulls":16},"no vacunat","No vacunat","No vacunat","No vacunat",null,"història clínica","3","no","no","si","si","No",{"$nulls":4},16,">=60",">=60 m",">= 60 m"]
[10220,"home",19,"H. Vall d'Hebron","2011-06-02","2013-01-18","2013-02-01","febrer","Primer semestre",2013,"2013-01-26",6,"2013-02-01","2013-02-13",12,"no","Pneumònia complicada","empiema","RX+ECO","si",null,null,"Líquid Pleural","negatiu","positiu",{"$nulls":3},"Líquid Pleural","Només PCR","Curació","No","no",{"$nulls":16},"no vacunat","No vacunat","No vacunat","No vacunat",null,"història clínica","ONV","no","no","no","no","No",{"$nulls":4},1,"0-23","12 a 23 m","7 a 23 m"]
[10230,"dona",36,"H. Vall d'Hebron","2009-12-27","2012-12-24","2013-01-18","gener","Primer semestre",2013,"2013-01-18",0,"2013-01-18","2013-02-15",28,"no","Mastoiditis",null,null,"si","Col·lecció Intracraneal",null,"Abcés epidural","positiu","no realitzat",{"$nulls":3},"Abcés epidural","Només Cultiu","Curació","No","si",3,"2010-07-19","13v","2010-10-21","13v","2011-03-31","13v",{"$nulls":4},6,9,15,null,null,"13v","Malament","Malament","Malament","1ª dosi 7m-8d","història clínica","11A","no","no","no","si","No",null,2,null,1,3,"24-59","24 a 59 m","24 a 59 m"]
[10240,"home",69,"H. Vall d'Hebron","2007-04-25","2013-02-14","2013-02-18","febrer","Primer semestre",2013,null,null,"2013-02-18","2013-03-13",23,"no","Mastoiditis",null,null,"si","Destrucció ossia regional+trombosi sigmoidal i jugular interna",null,"Mastoides","negatiu","positiu",{"$nulls":3},"Mastoides","Només PCR","Curació","No","no",{"$nulls":16},"no vacunat","No vacunat","No vacunat","No vacunat",null,"història clínica","23A","no","no","no","no","No",{"$nulls":4},5,">=60",">=60 m",">= 60 m"]
[10260,"dona",35,"H. Vall d'Hebron","2010-03-09","2013-03-03","2013-03-07","març","Primer semestre",2013,"2013-03-07",0,"2013-03-07","2013-03-19",12,"no","Pneumònia complicada","empiema+pneumonia necrotitzant","RX+ECO","si",null,null,"Líquid Pleural","positiu","positiu",{"$nulls":3},"Líquid Pleural","Cultiu+PCR","Curació","No","no",{"$nulls":16},"no vacunat","No vacunat","No vacunat","No vacunat",null,"història clínica","1","no","si","si","si","No",{"$nulls":4},2,"24-59","24 a 59 m","24 a 59 m"]
[10270,"home",113,"H. Vall d'Hebron","2003-09-16","2013-03-09","2013-03-12","març","Primer semestre",2013,null,null,"2013-03-12","2013-03-17",5,"no","Pneumònia no complicada",null,null,"no",null,null,"Sang","positiu","no realitzat",{"$nulls":3},"Sang","Només Cultiu","Curació","No","no",{"$nulls":16},"no vacunat","No vacunat","No vacunat","No vacunat",null,"història clínica","1","no","si","si","si","No",null,0.008,null,0.023,9,">=60",">=60 m",">= 60 m"]
[10280,"home",20,"H. Vall d'Hebron","2011-07-07","2013-03-18","2013-03-20","març","Primer semestre",2013,null,null,"2013-03-20","2013-04-03",14,"no","Meningitis",null,null,"no",null,null,"Líquid Cefaloraquidi","positiu","positiu","Sang","positiu","positiu","Líquid Cefaloraquidi","Cultiu+PCR","Curació","No","si",4,"2011-09-09","13v","2011-11-14","13v","2012-01-18","13v","2012-10-10","13v",null,null,2,4,6,15,null,"13v","Complerta","Complerta","Complerta",null,"història clínica","24F","no","no","no","no","No",null,0.5,null,0.015,1,"0-23","12 a 23 m","7 a 23 m"]
[10290,"dona",21,"H. Vall d'Hebron","2011-06-29","2013-04-03","2013-04-07","abril","Primer semestre",2013,null,null,"2013-04-07","2013-04-20",13,"no","Pneumònia complicada","empiema","RX+ECO","si",null,null,"Líquid Pleural","negatiu","positiu","Sang","positiu","positiu","Líquid Pleural","Cultiu+PCR","Curació","No","no",{"$nulls":16},"no vacunat","No vacunat","No vacunat","No vacunat",null,"història clínica","6A","no","no","si","no","No",null,0.012,null,0.023,1,"0-23","12 a 23 m","7 a 23 m"]
[10300,"home",34,"H. Vall d'Hebron","2010-05-15","2013-02-16","2013-04-08","abril","Primer semestre",2013,"2013-04-07",1,"2013-04-08","2013-05-13",35,"no","Pneumònia complicada","empiema","RX+ECO","si","Pneumotòrax",null,"Líquid Pleural","positiu","positiu","Sang","negatiu","negatiu","Líquid Pleural","Cultiu+PCR","Curació","No","si",4,"2010-09-10","13v","2010-11-25","13v","2011-02-17","13v","2011-08-17","13v",null,null,3,6,9,15,null,"13v","Complerta","Complerta","Complerta",null,"carnet vacunal","3","no","no","si","si","Fallo 13V",null,0.015,null,0.015,2,"24-59","24 a 59 m","24 a 59 m"]
[10310,"dona",9,"H. Vall d'Hebron","2012-07-26","2013-04-27","2013-05-03","maig","Primer semestre",2013,null,null,"2013-05-03","2013-05-13",10,"no","Pneumònia complicada","pneumonia necrotitzant","RX+ECO","si",null,null,"Sang","negatiu","positiu",{"$nulls":3},"Sang","Només PCR","Curació","No","si",3,"2012-09-28","13v","2012-10-31","13v","2012-11-28","13v",{"$nulls":4},2,3,4,null,null,"13v","Incomplerta","Incomplerta","Incomplerta",null,"carnet vacunal","19A","no","no","si","si","Fallo 13V",{"$nulls":4},0,"0-23","3 a 11 m","7 a 23 m"]
[10320,"dona",15,"H. Vall d'Hebron","2012-03-02","2013-06-03","2013-06-07","juny","Primer semestre",2013,null,null,"2013-06-07","2013-06-21",14,"si","Pneumònia complicada","empiema","RX+ECO","si",null,null,"Líquid Pleural","negatiu","positiu",{"$nulls":3},"Líquid Pleural","Només PCR","Curació","No","si",2,"2012-11-12","13v","2013-02-19","13v",{"$nulls":6},8,11,{"$nulls":3},"13v","Incomplerta","Incomplerta","Incomplerta",null,"història clínica","ONV","no","no","no","no","No",{"$nulls":4},1,"0-23","12 a 23 m","7 a 23 m"]
[10330,"dona",18,"H. Vall d'Hebron","2012-04-01","2013-10-09","2013-10-12","octubre","Segon semestre",2013,null,null,"2013-10-12","2013-10-20",8,"no","Pneumònia no complicada",null,null,"no",null,null,"Sang","positiu","no realitzat",{"$nulls":3},"Sang","Només Cultiu","Curació","No","si",4,"2012-07-11","13v","2012-09-07","13v","2012-11-09","13v","2013-07-03","13v",null,null,3,5,7,15,null,"13v","Complerta","Complerta","Complerta",null,"carnet vacunal","24F","no","no","no","no","No",null,0.019,null,0.094,1,"0-23","12 a 23 m","7 a 23 m"]
[10340,"home",12,"H. Vall d'Hebron","2012-11-24","2013-12-04","2013-12-04","decembre","Segon semestre",2013,null,null,"2013-12-04","2013-12-12",8,"no","Pneumònia no complicada",null,null,"no",null,null,"Sang","negatiu","positiu",{"$nulls":3},"Sang","Només PCR","Curació","No","si",2,"2013-08-30","13v","2013-11-12","13v",{"$nulls":6},9,11,{"$nulls":3},"13v","Incomplerta","Incomplerta","Incomplerta",null,"carnet vacunal","10A","no","no","no","si","No",{"$nulls":4},1,"0-23","12 a 23 m","7 a 23 m"]
[10350,"home",34,"H. Vall d'Hebron","2011-01-03","2013-12-14","2013-11-22","novembre","Segon semestre",2013,"2013-11-22",0,"2013-11-22","2014-01-03",42,"no","Bacteriemia oculta",null,null,"no",null,null,"Sang","positiu","no realitzat",{"$nulls":3},"Sang","Només Cultiu","Curació","Si","no",{"$nulls":16},"no vacunat","No vacunat","No vacunat","No vacunat",null,"història clínica","9V/A","si","si","si","si","No",null,0.016,null,0.064,2,"24-59","24 a 59 m","24 a 59 m"]
[10360,"home",34,"H. Vall d'Hebron","2011-01-25","2013-12-17","2013-12-18","decembre","Segon semestre",2013,"2013-12-18",0,"2013-12-18","2014-01-08",21,"si","Meningitis",null,null,"si","Col·lecció Intracraneal","Líquid Cefaloraquidi","Líquid Cefaloraquidi","positiu","positiu","Sang","negatiu","negatiu","Líquid Cefaloraquidi","Cultiu+PCR","Curació amb sequeles","No","si",3,"2011-08-25","13v","2011-10-26","13v","2012-05-09","13v",{"$nulls":4},7,9,15,null,null,"13v","Complerta","Complerta","Complerta",null,"història clínica","24A","no","no","no","no","No",null,0.38,null,0.25,2,"24-59","24 a 59 m","24 a 59 m"]
[10370,"home",21,"H. Vall d'Hebron","2012-03-09","2014-01-01","2014-01-07","gener","Primer semestre",2014,"2014-01-06",1,"2014-01-07","2014-01-15",8,"no","Pneumònia complicada","empiema","RX+ECO","si",null,null,"Líquid Pleural","positiu","positiu","Sang","negatiu","negatiu","Líquid Pleural","Cultiu+PCR","Curació","No","no",{"$nulls":16},"no vacunat","No vacunat","No vacunat","No vacunat",null,"història clínica","3","no","no","si","si","No",null,0.015,null,0.015,1,"0-23","12 a 23 m","7 a 23 m"]
[10380,"home",40,"H. Vall d'Hebron","2010-10-07","2014-02-13","2014-02-17","febrer","Primer semestre",2014,null,null,"2014-02-17","2014-02-24",7,"no","Pneumònia no complicada",null,null,"no",null,null,"Sang","positiu","positiu",{"$nulls":3},"Sang","Cultiu+PCR","Curació","No","no",{"$nulls":16},"no vacunat","No vacunat","No vacunat","No vacunat",null,"història clínica","1","no","si","si","si","No",null,0.015,null,0.015,3,"24-59","24 a 59 m","24 a 59 m"]
[10390,"home",55,"H. Vall d'Hebron","2009-06-28","2014-02-19","2014-02-26","febrer","Primer semestre",2014,"2014-02-26",0,"2014-02-26","2014-03-11",13,"no","Pneumònia complicada","empiema+vessament pleural","RX+ECO","si",null,null,"Líquid Pleural","positiu","positiu","Sang","negatiu","negatiu","Líquid Pleural","Cultiu+PCR","Curació","No","no",{"$nulls":16},"no vacunat","No vacunat","No vacunat","No vacunat",null,"història clínica","1","no","si","si","si","No",null,0.015,null,0.015,4,"24-59","24 a 59 m","24 a 59 m"]
[10400,"home",18,"H. Vall d'Hebron","2012-09-05","2014-03-14","2014-03-15","març","Primer semestre",2014,null,null,"2014-03-15","2014-03-24",9,"no","Bacteriemia oculta",null,null,"no",null,null,"Sang","negatiu","positiu",{"$nulls":3},"Sang","Només PCR","Curació","No","si",3,"2012-11-07","13v","2013-03-13","13v","2014-01-13","13v",{"$nulls":4},2,6,16,null,null,"13v","Incomplerta","Incomplerta","Incomplerta",null,"carnet vacunal","25F","no","no","no","no","No",{"$nulls":4},1,"0-23","12 a 23 m","7 a 23 m"]
[10410,"home",16,"H. Vall d'Hebron","2012-11-17","2014-03-31","2014-04-09","abril","Primer semestre",2014,null,null,"2014-04-09","2014-04-21",12,"no","Pneumònia complicada","empiema+vessament pleural","RX+ECO","si",null,null,"Líquid Pleural","negatiu","positiu",{"$nulls":3},"Líquid Pleural","Només PCR","Curació","No","no",{"$nulls":16},"no vacunat","No vacunat","No vacunat","No vacunat",null,"carnet vacunal","3","no","no","si","si","No",{"$nulls":4},1,"0-23","12 a 23 m","7 a 23 m"]
[10420,"home",1,"H. Vall d'Hebron","2014-04-17","2014-05-18","2014-05-20","maig","Primer semestre",2014,null,null,"2014-05-20","2014-05-31",11,"no","Pneumònia no complicada",null,null,"no",null,null,"Sang","positiu","no realitzat",{"$nulls":3},"Sang","Només Cultiu","Curació","No","no",{"$nulls":16},"no vacunat","No vacunat","No vacunat","No vacunat",null,"història clínica","14","si","si","si","si","No",null,1,null,1,0,"0-23","0 a 2m","0 a 6 m"]
[10430,"dona",18,"H. Vall d'Hebron","2013-01-27","2014-08-07","2014-08-11","agost","Segon semestre",2014,null,null,"2014-08-11","2014-08-24",13,"no","Pneumònia complicada","empiema+vessament pleural","RX+ECO","si",null,null,"Líquid Pleural","negatiu","positiu","Sang","negatiu","positiu","Líquid Pleural","Només PCR","Curació","No","no",{"$nulls":16},"no vacunat","No vacunat","No vacunat","No vacunat",null,"història clínica","ONV","no","no","no","no","No",{"$nulls":4},1,"0-23","12 a 23 m","7 a 23 m"]
[10440,"home",12,"H. Vall d'Hebron","2013-07-02","2014-07-11","2014-07-12","juliol","Segon semestre",2014,null,null,"2014-07-12","2014-07-19",7,"no","Pneumònia no complicada",null,null,"no",null,null,"Sang","positiu","negatiu",{"$nulls":3},"Sang","Només Cultiu","Curació","No","no",{"$nulls":16},"no vacunat","No vacunat","No vacunat","No vacunat",null,"història clínica","14","si","si","si","si","No",null,0.75,null,0.5,1,"0-23","12 a 23 m","7 a 23 m"]
[10460,"home",6,"H. Vall d'Hebron","2014-05-01","2014-10-27","2014-11-02","novembre","Segon semestre",2014,null,null,"2014-11-02","2014-11-10",8,"no","Pneumònia no complicada",null,null,"no",null,null,"Sang","negatiu","positiu",{"$nulls":3},"Sang","Només PCR","Curació","No","no",{"$nulls":16},"no vacunat","No vacunat","No vacunat","No vacunat",null,"història clínica","3","no","no","si","si","No",{"$nulls":4},0,"0-23","3 a 11 m","0 a 6 m"]
[10470,"home",21,"H. Vall d'Hebron","2013-02-07","2014-11-21","2014-11-25","novembre","Segon semestre",2014,"2014-11-25",0,"2014-11-25","2014-12-07",12,"no","Pneumònia complicada","empiema+vessament pleural","RX+ECO","si",null,"Sang","Líquid Pleural","negatiu","positiu","Sang","negatiu","positiu","Líquid Pleural","Cultiu+PCR","Curació","No","no",{"$nulls":16},"no vacunat","No vacunat","No vacunat","No vacunat",null,"història clínica","1","no","si","si","si","No",null,0.015,null,0.015,1,"0-23","12 a 23 m","7 a 23 m"]
[10480,"home",13,"H. Vall d'Hebron","2013-10-22","2014-12-04","2014-12-08","decembre","Segon semestre",2014,"2014-12-08",0,"2014-12-08","2014-12-23",15,"si","Meningitis",null,null,"si","Hemorràgia subaracnoidal",null,"Líquid Cefaloraquidi","negatiu","positiu","Sang","negatiu","negatiu","Líquid Cefaloraquidi","Només PCR","Curació","No","si",3,"2014-01-22","13v","2014-03-26","13v","2014-06-11","13v",{"$nulls":4},3,5,7,null,null,"13v","Incomplerta","Incomplerta","Incomplerta",null,"història clínica","ONV","no","no","no","no","No",{"$nulls":4},1,"0-23","12 a 23 m","7 a 23 m"]
[10500,"dona",1,"H. Vall d'Hebron","2014-10-26","2014-12-11","2014-12-13","decembre","Segon semestre",2014,null,null,"2014-12-13","2014-12-23",10,"no","Bacteriemia oculta",null,null,"no",null,null,"Sang","positiu","negatiu","Líquid Cefaloraquidi","negatiu","negatiu","Sang","Només Cultiu","Curació","No","no",{"$nulls":16},"no vacunat","No vacunat","No vacunat","No vacunat",null,"història clínica","31","no","no","no","no","No",null,0.015,null,0.015,0,"0-23","0 a 2m","0 a 6 m"]
[10510,"dona",60,"H. Vall d'Hebron","2009-11-24","2014-12-17","2014-12-22","decembre","Segon semestre",2014,"2014-12-22",0,"2014-12-22","2014-12-31",9,"si","Xoc sèptic",null,null,"si","IRA amb ventilacio mecànica","Sang","Sang","negatiu","negatiu",{"$nulls":3},"Sang","Només Cultiu","Curació","Si","no",{"$nulls":16},"no vacunat","No vacunat","No vacunat","No vacunat",null,"història clínica","19F","si","si","si","si","No",null,1,null,0.5,5,">=60",">=60 m",">= 60 m"]
[10520,"home",6,"H. Vall d'Hebron","2014-06-09","2014-12-30","2014-12-31","decembre","Segon semestre",2014,null,null,"2014-12-31","2015-01-15",15,"no","infecció osteo articular",null,null,"no",null,null,"Sang","positiu","no realitzat",{"$nulls":3},"Sang","Només Cultiu","Curació","No","si",2,"2014-09-17","13v","2014-11-17","13v",{"$nulls":6},3,5,{"$nulls":3},"13v","Incomplerta","Incomplerta","Incomplerta",null,"història clínica","22F","no","no","no","no","No",null,0.015,null,0.015,0,"0-23","3 a 11 m","0 a 6 m"]
[10530,"home",8,"H. Vall d'Hebron","2014-05-07","2015-01-23","2015-01-26","gener","Primer semestre",2015,"2015-01-26",0,"2015-01-26","2015-02-11",16,"si","Meningitis",null,null,"no",null,"Líquid Cefaloraquidi","Sang","negatiu","positiu",{"$nulls":3},"Líquid Cefaloraquidi","Cultiu+PCR","Curació","No","si",3,"2014-07-10","13v","2014-09-16","13v","2014-11-11","13v",{"$nulls":4},2,4,6,null,null,"13v","Incomplerta","Incomplerta","Incomplerta",null,"història clínica","ONV","no","no","no","no","No",{"$nulls":4},0,"0-23","3 a 11 m","7 a 23 m"]
[10540,"dona",54,"H. Vall d'Hebron","2010-08-06","2015-02-16","2015-02-26","febrer","Primer semestre",2015,"2015-02-25",1,"2015-02-26","2015-03-05",7,"no","Pneumònia complicada","empiema","RX+ECO","si",null,null,"Líquid Pleural","negatiu","positiu","Sang","no realitzat","positiu","Líquid Pleural","Només PCR","Curació","No","si",4,"2010-11-11","13v","2011-01-13","13v","2011-03-17","13v","2012-01-14","13v",null,null,3,5,7,17,null,"13v","Complerta","Complerta","Complerta",null,"història clínica","3","no","no","si","si","Fallo 13V",{"$nulls":4},4,"24-59","24 a 59 m","24 a 59 m"]
[10550,"dona",84,"H. Vall d'Hebron","2008-01-19","2015-01-31","2015-02-06","febrer","Primer semestre",2015,null,null,"2015-02-06","2015-02-15",9,"no","Pneumònia complicada","empiema+vessament pleural","RX+ECO","si",null,null,"Líquid Pleural","negatiu","positiu",{"$nulls":3},"Líquid Pleural","Només PCR","Curació","No","no",{"$nulls":16},"no vacunat","No vacunat","No vacunat","No vacunat",null,"història clínica","9V/A","si","si","si","si","No",{"$nulls":4},7,">=60",">=60 m",">= 60 m"]
[10560,"dona",34,"H. Vall d'Hebron","2012-04-08","2015-02-16","2015-02-23","febrer","Primer semestre",2015,"2015-02-19",4,"2015-02-23","2015-03-10",15,"no","Pneumònia complicada","empiema+vp+necro","RX+ECO+TAC","si","Pneumotòrax",null,"Líquid Pleural","negatiu","positiu",{"$nulls":3},"Líquid Pleural","Només PCR","Curació","No","si",4,"2012-06-12","10v","2012-08-13","10v","2012-10-22","10v","2013-07-29","10v",null,null,2,4,6,15,null,"10v","No vacunat","Complerta","Complerta",null,"història clínica","19A","no","no","si","si","No",{"$nulls":4},2,"24-59","24 a 59 m","24 a 59 m"]
[10570,"home",39,"H. Vall d'Hebron","2011-12-01","2015-02-26","2015-03-02","març","Primer semestre",2015,"2015-03-02",0,"2015-03-02","2015-03-11",9,"no","Pneumònia complicada","empiema+vessament pleural","RX+ECO","si",null,null,"Líquid Pleural","negatiu","positiu",{"$nulls":3},"Líquid Pleural","Només PCR","Curació","No","no",{"$nulls":16},"no vacunat","No vacunat","No vacunat","No vacunat",null,"història clínica","3","no","no","si","si","No",{"$nulls":4},3,"24-59","24 a 59 m","24 a 59 m"]
[10580,"home",4,"H. Vall d'Hebron","2014-11-03","2015-03-13","2015-03-18","març","Primer semestre",2015,"2015-03-15",3,"2015-03-18","2015-04-20",33,"si","Meningitis",null,null,"no",null,"Sang","Sang","negatiu","negatiu",{"$nulls":3},"Sang","Només Cultiu","Curació","No","no",{"$nulls":16},"no vacunat","No vacunat","No vacunat","No vacunat",null,"història clínica","10A","no","no","no","si","No",null,0.015,null,0.015,0,"0-23","3 a 11 m","0 a 6 m"]
[10600,"home",63,"H. Vall d'Hebron","2010-01-11","2015-04-29","2015-05-07","maig","Primer semestre",2015,"2015-05-06",1,"2015-05-07","2015-05-14",7,"no","Pneumònia complicada","vessament pleural","RX+ECO","si",null,"Sang","Sang","negatiu","no realitzat",{"$nulls":3},"Sang","Només Cultiu","Curació","No","no",{"$nulls":16},"no vacunat","No vacunat","No vacunat","No vacunat",null,"història clínica","9V","si","si","si","no","No",null,1,null,1,5,">=60",">=60 m",">= 60 m"]
[10610,"dona",70,"H. Vall d'Hebron","2009-07-08","2015-05-10","2015-05-10","maig","Primer semestre",2015,null,null,"2015-05-10","2015-05-18",8,"no","Bacteriemia oculta",null,null,"no",null,null,"Sang","positiu","no realitzat",{"$nulls":3},"Sang","Només Cultiu","Curació","Si","si",5,"2009-10-07","7v","2009-12-02","7v","2010-03-18","7v","2012-01-19","13v","2012-04-24","13v",2,4,8,30,33,"13v","Complerta","Complerta","Complerta",null,"història clínica","12F","no","no","no","si","No",null,0.015,null,0.015,5,">=60",">=60 m",">= 60 m"]
[10620,"home",31,"H. Vall d'Hebron","2013-02-26","2015-09-24","2015-10-04","octubre","Segon semestre",2015,"2015-10-02",2,"2015-10-04","2015-10-11",7,"no","Pneumònia complicada","empiema","RX+ECO","si",null,null,"Líquid Pleural","negatiu","positiu",{"$nulls":3},"Líquid Pleural","Només PCR","Curació","No","si",4,"2013-04-26","13v","2013-06-25","13v","2013-09-19","13v","2014-05-26","13v",null,null,2,3,6,15,null,"13v","Complerta","Complerta","Complerta",null,"història clínica","ONV","no","no","no","no","No",{"$nulls":4},2,"24-59","24 a 59 m","24 a 59 m"]
[10630,"home",15,"H. Vall d'Hebron","2014-06-29","2015-10-09","2015-10-14","octubre","Segon semestre",2015,null,null,"2015-10-14","2015-10-15",1,"no","Pneumònia no complicada",null,null,"no",null,null,"Sang","positiu","no realitzat",{"$nulls":3},"Sang","Només Cultiu","Curació","No","no",{"$nulls":16},"no vacunat","No vacunat","No vacunat","No vacunat",null,"història clínica","19A","no","no","si","si","No",null,0.5,null,0.09,1,"0-23","12 a 23 m","7 a 23 m"]
[10640,"home",34,"H. Vall d'Hebron","2012-12-10","2015-10-09","2015-10-13","octubre","Segon semestre",2015,"2015-10-12",1,"2015-10-13","2015-10-25",12,"no","Pneumònia complicada","empiema","RX+ECO","si",null,null,"Líquid Pleural","negatiu","positiu","Sang","no realitzat","negatiu","Líquid Pleural","Només PCR","Curació","No","no",{"$nulls":16},"no vacunat","No vacunat","No vacunat","No vacunat",null,"història clínica","3","no","no","si","si","No",{"$nulls":4},2,"24-59","24 a 59 m","24 a 59 m"]
[10650,"dona",14,"H. Vall d'Hebron","2014-08-18","2015-10-22","2015-10-26","octubre","Segon semestre",2015,null,null,"2015-10-26","2015-11-07",12,"no","Pneumònia complicada","vessament pleural","RX+ECO","si",null,null,"Sang","positiu","negatiu",{"$nulls":3},"Sang","Només Cultiu","Curació","No","no",{"$nulls":16},"no vacunat","No vacunat","No vacunat","No vacunat",null,"història clínica","9V","si","si","si","no","No",null,0.015,null,0.015,1,"0-23","12 a 23 m","7 a 23 m"]
[10660,"home",15,"H. Vall d'Hebron","2014-06-25","2015-10-09","2015-10-18","octubre","Segon semestre",2015,null,null,"2015-10-18","2015-11-04",17,"no","Mastoiditis",null,null,"no",null,null,"Mastoides","negatiu","positiu","Sang","negatiu","no realitzat","Mastoides","Només PCR","Curació amb sequeles","No","no",{"$nulls":16},"no vacunat","No vacunat","No vacunat","No vacunat",null,"història clínica","ONV","no","no","no","no","No",{"$nulls":4},1,"0-23","12 a 23 m","7 a 23 m"]
[10670,"dona",25,"H. Vall d'Hebron","2013-11-06","2015-12-13","2015-12-19","decembre","Segon semestre",2015,null,null,"2015-12-19","2015-12-30",11,"no","Pneumònia complicada","vessament pleural","RX+ECO","si",null,null,"Sang","positiu","negatiu",{"$nulls":3},"Sang","Només Cultiu","Curació","No","si",4,"2014-01-09","13v","2014-03-10","13v","2014-05-06","13v","2015-01-07","13v",null,null,2,4,6,14,null,"13v","Complerta","Complerta","Complerta",null,"història clínica","14","si","si","si","si","Fallo 13V",null,1,null,1,2,"24-59","24 a 59 m","24 a 59 m"]
[10680,"dona",8,"H. Vall d'Hebron","2015-04-26","2015-12-25","2015-12-28","decembre","Segon semestre",2015,null,null,"2015-12-28","2016-01-08",11,"no","Meningitis",null,null,"no",null,null,"Líquid Cefaloraquidi","positiu","positiu","Sang","positiu","no realitzat","Líquid Cefaloraquidi","Cultiu+PCR","Curació","No","no",{"$nulls":16},"no vacunat","No vacunat","No vacunat","No vacunat",null,"història clínica","15A","no","no","no","no","No",null,0.015,null,0.03,0,"0-23","3 a 11 m","7 a 23 m"]
[10690,"home",132,"H. Vall d'Hebron","2005-01-27","2016-02-15","2016-02-20","febrer","Primer semestre",2016,"2016-02-18",2,"2016-02-20","2016-02-27",7,"no","Pneumònia complicada","empiema+vessament pleural","RX+ECO","si",null,null,"Líquid Pleural","negatiu","positiu",{"$nulls":3},"Líquid Pleural","Només PCR","Curació","No","si",3,"2005-03-31","7v","2005-05-31","7v","2005-08-03","7v",{"$nulls":4},2,4,6,null,null,"7v","No vacunat","No vacunat","Malament",null,"història clínica","3","no","no","si","si","No",{"$nulls":4},11,">=60",">=60 m",">= 60 m"]
[10700,"dona",39,"H. Vall d'Hebron","2012-11-29","2016-02-27","2016-03-03","març","Primer semestre",2016,"2016-03-02",1,"2016-03-03",null,null,"si","Pneumònia complicada","empiema+vp+necro","RX+ECO+TAC","si","IRA amb ventilacio mecànica","Líquid Pleural","Líquid Pleural","negatiu","positiu","Sang","negatiu","no realitzat","Líquid Pleural","Cultiu+PCR",null,"No","no",{"$nulls":16},"no vacunat","No vacunat","No vacunat","No vacunat",null,"història clínica","14","si","si","si","si","No",{"$nulls":4},3,"24-59","24 a 59 m","24 a 59 m"]
[10710,"home",40,"H. Vall d'Hebron","2012-11-08","2016-03-12","2016-03-17","març","Primer semestre",2016,"2016-03-16",1,"2016-03-17","2016-03-31",14,"no","Pneumònia complicada","empiema+vp+necro","RX+ECO+TAC","si",null,null,"Líquid Pleural","negatiu","positiu",{"$nulls":3},"Líquid Pleural","Només PCR","Curació","No","no",{"$nulls":16},"no vacunat","No vacunat","No vacunat","No vacunat",null,"carnet vacunal","ONV","no","no","no","no","No",{"$nulls":4},3,"24-59","24 a 59 m","24 a 59 m"]
[10720,"home",43,"H. Vall d'Hebron","2012-09-24","2016-04-16","2016-05-01","maig","Primer semestre",2016,"2016-04-23",8,"2016-05-01","2016-05-10",9,"no","Pneumònia complicada","empiema+vessament pleural","RX+ECO","si",null,"Líquid Pleural",{"$nulls":6},"Líquid Pleural","Només Cultiu","Curació","No","no",{"$nulls":16},"no vacunat","No vacunat","No vacunat","No vacunat",null,"història clínica","14","si","si","si","si","No",{"$nulls":4},3,"24-59","24 a 59 m","24 a 59 m"]
[10730,"home",27,"H. Vall d'Hebron","2014-02-07","2016-05-14","2016-05-19","maig","Primer semestre",2016,null,null,"2016-05-19","2016-05-23",4,"no","Bacteriemia oculta",null,null,"no",null,null,"Sang","positiu","negatiu",{"$nulls":3},"Sang","Només Cultiu","Curació","No","si",4,"2014-04-10","13v","2014-06-12","13v","2014-08-08","13v","2015-03-12","13v",null,null,2,4,6,13,null,"13v","Complerta","Complerta","Complerta",null,"història clínica","15C","no","no","no","no","No",null,0.008,null,0.016,2,"24-59","24 a 59 m","24 a 59 m"]
[20010,"home",58,"H. St. Joan de Deu","2007-03-10","2012-01-21","2012-01-27","gener","Primer semestre",2012,"2012-01-27",0,"2012-01-27","2012-02-06",10,"no","Pneumònia complicada","empiema",null,"si",null,null,"Líquid Pleural","negatiu","positiu",{"$nulls":3},"Líquid Pleural","Només PCR","Curació","No","no",{"$nulls":16},"no vacunat","No vacunat","No vacunat","No vacunat",null,"història clínica","1","no","si","si","si","No",{"$nulls":4},4,"24-59","24 a 59 m","24 a 59 m"]
[20020,"dona",26,"H. St. Joan de Deu","2009-11-10","2012-01-16","2012-01-26","gener","Primer semestre",2012,null,null,"2012-01-26","2012-02-06",11,"no","Pneumònia complicada","vessament pleural",null,"si",null,null,"Sang","negatiu","positiu",{"$nulls":3},"Sang","Només PCR","Curació","No","no",{"$nulls":16},"no vacunat","No vacunat","No vacunat","No vacunat",null,"carnet vacunal","3","no","no","si","si","No",{"$nulls":4},2,"24-59","24 a 59 m","24 a 59 m"]
[20030,"home",25,"H. St. Joan de Deu","2009-12-02","2012-01-23","2012-02-01","febrer","Primer semestre",2012,"2012-02-01",0,"2012-02-01","2012-02-10",9,"no","Pneumònia complicada","pneumonia necrotitzant","RX+TAC","si",null,null,"Sang","negatiu","positiu",{"$nulls":3},"Sang","Només PCR","Curació","No","no",{"$nulls":16},"no vacunat","No vacunat","No vacunat","No vacunat",null,"història clínica","ONV","no","no","no","no","No",{"$nulls":4},2,"24-59","24 a 59 m","24 a 59 m"]
[20040,"dona",99,"H. St. Joan de Deu","2003-11-03","2012-02-03","2012-02-21","febrer","Primer semestre",2012,"2012-02-20",1,"2012-02-21","2012-03-09",17,"no","Pneumònia complicada","empiema",null,"si",null,null,"Líquid Pleural","positiu","positiu","Sang","positiu","positiu","Líquid Pleural","Cultiu+PCR","Curació","No","no",{"$nulls":16},"no vacunat","No vacunat","No vacunat","No vacunat",null,"centre salut","1","no","si","si","si","No",null,0.015,null,0.015,8,">=60",">=60 m",">= 60 m"]
[20050,"home",35,"H. St. Joan de Deu","2009-03-27","2012-02-01","2012-02-27","febrer","Primer semestre",2012,"2012-02-16",11,"2012-02-27","2012-03-02",4,"no","Pneumònia no complicada",null,null,"no",null,null,"Sang","positiu","negatiu",{"$nulls":3},"Sang","Només Cultiu","Curació","No","no",{"$nulls":16},"no vacunat","No vacunat","No vacunat","No vacunat",null,"centre salut","19A","no","no","si","si","No",null,4,null,1,2,"24-59","24 a 59 m","24 a 59 m"]
[20060,"home",15,"H. St. Joan de Deu","2010-11-16","2012-02-23","2012-02-28","febrer","Primer semestre",2012,"2012-02-28",0,"2012-02-28","2012-03-17",18,"si","Pneumònia complicada","empiema",null,"si","IRA amb ventilacio mecànica",null,"Líquid Pleural","positiu","positiu","Sang","negatiu","positiu","Líquid Pleural","Cultiu+PCR","Curació","No","si",2,"2011-02-24","13v","2011-04-26","13v",{"$nulls":6},3,5,{"$nulls":3},"13v","Incomplerta","Incomplerta","Incomplerta",null,"carnet vacunal","19A","no","no","si","si","Fallo 13V",null,4,null,4,1,"0-23","12 a 23 m","7 a 23 m"]
[20070,"home",83,"H. St. Joan de Deu","2005-03-22","2012-02-25","2012-02-28","febrer","Primer semestre",2012,null,null,"2012-02-28","2012-03-09",10,"no","Pneumònia complicada","vessament pleural",null,"si",null,null,"Sang","positiu","negatiu",{"$nulls":3},"Sang","Només Cultiu","Curació","No","no",{"$nulls":16},"no vacunat","No vacunat","No vacunat","No vacunat",null,"centre salut","1","no","si","si","si","No",null,0.015,null,0.015,6,">=60",">=60 m",">= 60 m"]
[20080,"home",59,"H. St. Joan de Deu","2007-03-21","2012-02-24","2012-03-01","març","Primer semestre",2012,null,null,"2012-03-01","2012-03-06",5,"no","Pneumònia no complicada",null,null,"no",null,null,"Sang","negatiu","positiu",{"$nulls":3},"Sang","Només PCR","Curació","No","si",4,"2007-07-31","7v","2007-10-03","7v","2008-01-24","7v","2008-03-27","7v",null,null,4,6,10,12,null,"7v","No vacunat","No vacunat","Complerta",null,"centre salut","ONV","no","no","no","no","No",{"$nulls":4},4,"24-59","24 a 59 m","24 a 59 m"]
[20090,"dona",16,"H. St. Joan de Deu","2010-10-18","2012-02-06","2012-03-08","març","Primer semestre",2012,null,null,"2012-03-08","2012-03-13",5,"no","Pneumònia complicada","pneumonia necrotitzant","RX+ECO","si",null,null,"Sang","negatiu","positiu",{"$nulls":3},"Sang","Només PCR","Curació","No","no",{"$nulls":16},"no vacunat","No vacunat","No vacunat","No vacunat",null,"carnet vacunal","19A","no","no","si","si","No",{"$nulls":4},1,"0-23","12 a 23 m","7 a 23 m"]
[20100,"home",11,"H. St. Joan de Deu","2011-03-30","2012-03-06","2012-03-10","març","Primer semestre",2012,null,null,"2012-03-10","2012-03-22",12,"no","Pneumònia complicada","pneumonia necrotitzant","RX+TAC","si","Atelectasia",null,"Sang","negatiu","positiu",{"$nulls":3},"Sang","Només PCR","Curació","No","no",{"$nulls":16},"no vacunat","No vacunat","No vacunat","No vacunat",null,"història clínica","3","no","no","si","si","No",{"$nulls":4},0,"0-23","3 a 11 m","7 a 23 m"]
[20110,"home",64,"H. St. Joan de Deu","2006-11-10","2012-03-08","2012-03-11","març","Primer semestre",2012,null,null,"2012-03-11","2012-03-14",3,"no","Pneumònia complicada","vessament pleural",null,"si",null,null,"Sang","negatiu","positiu",{"$nulls":3},"Sang","Només PCR","Curació","No","no",{"$nulls":16},"no vacunat","No vacunat","No vacunat","No vacunat",null,"centre salut","ONV","no","no","no","no","No",{"$nulls":4},5,">=60",">=60 m",">= 60 m"]
[20130,"home",114,"H. St. Joan de Deu","2002-09-08","2012-03-08","2012-03-13","març","Primer semestre",2012,"2012-03-11",2,"2012-03-13","2012-03-24",11,"no","Pneumònia complicada","empiema",null,"si",null,null,"Líquid Pleural","positiu","positiu","Sang","negatiu","positiu","Líquid Pleural","Cultiu+PCR","Curació","No","no",{"$nulls":16},"no vacunat","No vacunat","No vacunat","No vacunat",null,"història clínica","1","no","si","si","si","No",null,0.015,null,0.015,9,">=60",">=60 m",">= 60 m"]
[20140,"dona",26,"H. St. Joan de Deu","2009-12-26","2012-03-11","2012-03-18","març","Primer semestre",2012,null,null,"2012-03-18","2012-03-27",9,"si","Pneumònia complicada","empiema",null,"si","IRA amb ventilacio mecànica",null,"Líquid Pleural","positiu","positiu","Sang","negatiu","positiu","Líquid Pleural","Cultiu+PCR","Curació","No","si",4,"2010-03-23","10v","2010-05-27","10v","2010-08-05","10v","2011-04-01","10v",null,null,2,5,7,15,null,"10v","No vacunat","Complerta","Complerta",null,"carnet vacunal","11A","no","no","no","si","No",null,0.015,null,0.015,2,"24-59","24 a 59 m","24 a 59 m"]
[20150,"dona",34,"H. St. Joan de Deu","2009-05-04","2012-03-14","2012-03-15","març","Primer semestre",2012,null,null,"2012-03-15","2012-03-17",2,"no","Bacteriemia oculta",null,null,"no",null,null,"Sang","positiu","no realitzat",{"$nulls":3},"Sang","Només Cultiu","Curació","No","no",{"$nulls":16},"no vacunat","No vacunat","No vacunat","No vacunat",null,"centre salut","23F","si","si","si","si","No",null,0.015,null,0.015,2,"24-59","24 a 59 m","24 a 59 m"]
[20160,"dona",100,"H. St. Joan de Deu","2003-11-10","2012-03-16","2012-03-20","març","Primer semestre",2012,null,null,"2012-03-20","2012-04-02",13,"no","Pneumònia complicada","empiema",null,"si",null,null,"Líquid Pleural","positiu","positiu","Sang","no realitzat","negatiu","Líquid Pleural","Cultiu+PCR","Curació","No","no",{"$nulls":16},"no vacunat","No vacunat","No vacunat","No vacunat",null,"carnet vacunal","1","no","si","si","si","No",null,0.015,null,0.015,8,">=60",">=60 m",">= 60 m"]
[20170,"home",44,"H. St. Joan de Deu","2008-07-06","2012-03-18","2012-03-22","març","Primer semestre",2012,null,null,"2012-03-22","2012-03-31",9,"no","Pneumònia complicada","empiema",null,"si",null,null,"Líquid Pleural","negatiu","positiu","Sang","positiu","positiu","Líquid Pleural","Cultiu+PCR","Curació","No","si",3,"2009-03-06","7v","2009-04-04","7v","2009-07-07","7v",{"$nulls":4},8,8,12,null,null,"7v","No vacunat","No vacunat","Complerta","dif entre D 28d","carnet vacunal","1","no","si","si","si","No",null,0.015,null,0.015,3,"24-59","24 a 59 m","24 a 59 m"]
[20180,"home",120,"H. St. Joan de Deu","2002-03-23","2012-03-17","2012-03-25","març","Primer semestre",2012,null,null,"2012-03-25","2012-03-31",6,"no","Pneumònia complicada","empiema",null,"si","Vessament pleural tabicat",null,"Líquid Pleural","negatiu","positiu","Sang","no realitzat","positiu","Líquid Pleural","Només PCR","Curació","No","no",{"$nulls":16},"no vacunat","No vacunat","No vacunat","No vacunat",null,"història clínica","ONV","no","no","no","no","No",{"$nulls":4},10,">=60",">=60 m",">= 60 m"]
[20190,"home",36,"H. St. Joan de Deu","2009-03-26","2012-02-26","2012-03-30","març","Primer semestre",2012,null,null,"2012-03-30","2012-04-06",7,"no","Pneumònia complicada","empiema",null,"si",null,null,"Líquid Pleural","negatiu","positiu","Sang","negatiu","positiu","Líquid Pleural","Només PCR","Curació","No","si",4,"2009-05-26","7v","2009-07-29","7v","2009-09-29","7v","2010-09-29","13v",null,null,2,4,6,18,null,"13v","Malament","Malament","Complerta",null,"centre salut","1","no","si","si","si","No",{"$nulls":4},3,"24-59","24 a 59 m","24 a 59 m"]
[20200,"dona",60,"H. St. Joan de Deu","2007-03-24","2012-03-31","2012-04-04","abril","Primer semestre",2012,null,null,"2012-04-04","2012-04-12",8,"no","Pneumònia complicada","empiema",null,"si",null,null,"Líquid Pleural","positiu","no realitzat","Sang","positiu","positiu","Líquid Pleural","Cultiu+PCR","Curació","No","no",{"$nulls":16},"no vacunat","No vacunat","No vacunat","No vacunat",null,"centre salut","1","no","si","si","si","No",null,0.015,null,0.015,5,">=60",">=60 m",">= 60 m"]
[20210,"home",21,"H. St. Joan de Deu","2010-06-22","2012-03-29","2012-04-05","abril","Primer semestre",2012,null,null,"2012-04-05","2012-04-14",9,"no","Pneumònia complicada","empiema",null,"si",null,null,"Líquid Pleural","negatiu","positiu","Sang","negatiu","positiu","Líquid Pleural","Només PCR","Curació","No","si",4,"2010-09-27","13v","2010-11-26","13v","2011-02-01","13v","2011-10-21","13v",null,null,3,5,7,15,null,"13v","Complerta","Complerta","Complerta",null,"carnet vacunal","3","no","no","si","si","Fallo 13V",{"$nulls":4},1,"0-23","12 a 23 m","7 a 23 m"]
[20220,"dona",20,"H. St. Joan de Deu","2010-08-28","2012-04-14","2012-04-28","abril","Primer semestre",2012,"2012-04-19",9,"2012-04-28","2012-06-01",34,"si","Pneumònia complicada","pneumonia necrotitzant","RX+ECO","si","IRA amb ventilacio mecànica","Líquid Pleural","Sang","negatiu","no realitzat",{"$nulls":3},"Líquid Pleural","Només Cultiu","Curació amb sequeles","No","no",{"$nulls":16},"no vacunat","No vacunat","No vacunat","No vacunat",null,"centre salut","7FA","no","si","si","no","No",{"$nulls":4},1,"0-23","12 a 23 m","7 a 23 m"]
[20230,"home",52,"H. St. Joan de Deu","2008-01-15","2012-06-02","2012-06-03","juny","Primer semestre",2012,null,null,"2012-06-03","2012-07-06",33,"si","Meningitis",null,null,"no",null,null,"Líquid Cefaloraquidi","negatiu","positiu","Sang","negatiu","negatiu","Líquid Cefaloraquidi","Només PCR","Curació","No","no",{"$nulls":16},"no vacunat","No vacunat","No vacunat","No vacunat",null,"centre salut","ONV","no","no","no","no","No",{"$nulls":4},4,"24-59","24 a 59 m","24 a 59 m"]
[20240,"dona",30,"H. St. Joan de Deu","2009-12-03","2012-06-01","2012-06-04","juny","Primer semestre",2012,"2012-06-04",0,"2012-06-04","2012-06-15",11,"si","Pneumònia complicada","empiema+pneumonia necrotitzant","RX+ECO","si",null,"Sang","Líquid Pleural","negatiu","positiu","Sang","negatiu","positiu","Líquid Pleural","Cultiu+PCR","Curació","No","no",{"$nulls":16},"no vacunat","No vacunat","No vacunat","No vacunat",null,"centre salut","14","si","si","si","si","No",null,2,null,1,2,"24-59","24 a 59 m","24 a 59 m"]
[20250,"dona",31,"H. St. Joan de Deu","2009-11-02","2012-06-08","2012-06-10","juny","Primer semestre",2012,"2012-06-10",0,"2012-06-10","2012-06-12",2,"no","Pneumònia no complicada",null,null,"no",null,null,"Sang","no realitzat","positiu",{"$nulls":3},"Sang","Només PCR","Curació","No","no",{"$nulls":16},"no vacunat","No vacunat","No vacunat","No vacunat",null,"centre salut","3","no","no","si","si","No",{"$nulls":4},2,"24-59","24 a 59 m","24 a 59 m"]
[20260,"dona",30,"H. St. Joan de Deu","2009-11-27","2012-06-05","2012-06-08","juny","Primer semestre",2012,null,null,"2012-06-08","2012-06-18",10,"no","infecció osteo articular",null,null,"no",null,null,"Líquid Articular","positiu","no realitzat","Sang","positiu","no realitzat","Líquid Articular","Només Cultiu","Curació","No","no",{"$nulls":16},"no vacunat","No vacunat","No vacunat","No vacunat",null,"carnet vacunal","23B","no","no","no","no","No",null,0.25,null,0.12,2,"24-59","24 a 59 m","24 a 59 m"]
[20270,"dona",57,"H. St. Joan de Deu","2007-09-18","2012-06-17","2012-06-24","juny","Primer semestre",2012,null,null,"2012-06-24","2012-07-02",8,"no","Pneumònia complicada","empiema",null,"si",null,null,"Líquid Pleural","positiu","positiu","Sang","negatiu","positiu","Líquid Pleural","Cultiu+PCR","Curació","No","si",4,"2007-11-15","7v","2008-01-15","7v","2008-03-15","7v","2009-03-15","7v",null,null,1,3,5,17,null,"7v","No vacunat","No vacunat","Complerta","1ª dosi >6 set","carnet vacunal","8","no","no","no","si","No",null,0.015,null,0.015,4,"24-59","24 a 59 m","24 a 59 m"]
[20280,"home",14,"H. St. Joan de Deu","2011-04-18","2012-07-05","2012-07-11","juliol","Segon semestre",2012,"2012-07-08",3,"2012-07-11","2012-07-26",15,"no","Pneumònia complicada","empiema",null,"si","Pneumotòrax",null,"Líquid Pleural","no realitzat","positiu","Sang","no realitzat","positiu","Líquid Pleural","Només PCR","Curació","No","no",{"$nulls":16},"no vacunat","No vacunat","No vacunat","No vacunat",null,"història clínica","3","no","no","si","si","No",{"$nulls":4},1,"0-23","12 a 23 m","7 a 23 m"]
[20300,"home",87,"H. St. Joan de Deu","2005-05-14","2012-09-08","2012-09-12","setembre","Segon semestre",2012,null,null,"2012-09-12","2012-09-27",15,"no","Pneumònia complicada","empiema+pneumonia necrotitzant","RX+TAC","si",null,null,"Líquid Pleural","positiu","positiu","Sang","negatiu","negatiu","Líquid Pleural","Cultiu+PCR","Curació","No","no",{"$nulls":16},"no vacunat","No vacunat","No vacunat","No vacunat",null,"centre salut","1","no","si","si","si","No",null,0.015,null,0.015,7,">=60",">=60 m",">= 60 m"]
[20310,"dona",19,"H. St. Joan de Deu","2011-02-17","2012-09-21","2012-09-28","setembre","Segon semestre",2012,null,null,"2012-09-28","2012-10-08",10,"no","Pneumònia complicada","vessament pleural",null,"si",null,null,"Sang","negatiu","positiu",{"$nulls":3},"Sang","Només PCR","Curació","No","si",1,"2012-02-21","13v",{"$nulls":8},12,{"$nulls":4},"13v","Incomplerta","Incomplerta","Incomplerta",null,"història clínica","19A","no","no","si","si","Fallo 13V",{"$nulls":4},1,"0-23","12 a 23 m","7 a 23 m"]
[20320,"home",17,"H. St. Joan de Deu","2011-04-03","2012-09-18","2012-09-28","setembre","Segon semestre",2012,null,null,"2012-09-28","2012-10-01",3,"no","Bacteriemia oculta",null,null,"no",null,null,"Sang","positiu","no realitzat",{"$nulls":3},"Sang","Només Cultiu","Curació","No","si",4,"2011-07-01","13v","2011-09-06","13v","2011-11-04","13v","2012-06-04","13v",null,null,2,5,7,14,null,"13v","Complerta","Complerta","Complerta",null,"carnet vacunal","10A","no","no","no","si","No",null,0.03,null,0.015,1,"0-23","12 a 23 m","7 a 23 m"]
[20330,"dona",66,"H. St. Joan de Deu","2007-03-16","2012-09-25","2012-09-30","setembre","Segon semestre",2012,null,null,"2012-09-30","2012-10-05",5,"no","Pneumònia no complicada",null,null,"no",null,null,"Sang","negatiu","positiu",{"$nulls":3},"Sang","Només PCR","Curació","No","si",3,"2007-11-08","7v","2008-01-10","7v","2008-08-17","7v",{"$nulls":4},7,9,17,null,null,"7v","No vacunat","No vacunat","Complerta",null,"centre salut","ONV","no","no","no","no","No",{"$nulls":4},5,">=60",">=60 m",">= 60 m"]
[20340,"home",24,"H. St. Joan de Deu","2010-09-25","2012-09-30","2012-10-03","octubre","Segon semestre",2012,null,null,"2012-10-03","2012-10-17",14,"no","Pneumònia complicada","empiema",null,"si",null,null,"Líquid Pleural","negatiu","positiu","Sang","negatiu","positiu","Líquid Pleural","Només PCR","Curació","No","si",4,"2010-11-26","13v","2011-01-28","13v","2011-03-25","13v","2012-04-11","13v",null,null,2,4,6,18,null,"13v","Complerta","Complerta","Complerta",null,"centre salut","19A","no","no","si","si","Fallo 13V",{"$nulls":4},2,"24-59","24 a 59 m","24 a 59 m"]
[20350,"dona",59,"H. St. Joan de Deu","2007-11-03","2012-09-28","2012-10-04","octubre","Segon semestre",2012,null,null,"2012-10-04","2012-10-15",11,"no","Pneumònia complicada","empiema",null,"si",null,null,"Líquid Pleural","negatiu","positiu","Sang","negatiu","positiu","Líquid Pleural","Només PCR","Curació","No","no",{"$nulls":16},"no vacunat","No vacunat","No vacunat","No vacunat",null,"història clínica","3","no","no","si","si","No",{"$nulls":4},4,"24-59","24 a 59 m","24 a 59 m"]
[20370,"dona",29,"H. St. Joan de Deu","2010-04-30","2012-10-03","2012-10-09","octubre","Segon semestre",2012,null,null,"2012-10-09","2012-10-15",6,"no","Pneumònia complicada","vessament pleural",null,"si",null,null,"Sang","negatiu","positiu",{"$nulls":3},"Sang","Només PCR","Curació","No","no",{"$nulls":16},"no vacunat","No vacunat","No vacunat","No vacunat",null,"història clínica","14","si","si","si","si","No",{"$nulls":4},2,"24-59","24 a 59 m","24 a 59 m"]
[20380,"home",77,"H. St. Joan de Deu","2006-05-10","2012-10-06","2012-10-12","octubre","Segon semestre",2012,null,null,"2012-10-12","2012-10-24",12,"no","Pneumònia complicada","empiema",null,"si",null,null,"Líquid Pleural","negatiu","positiu","Sang","negatiu","positiu","Líquid Pleural","Només PCR","Curació","No","si",4,"2006-08-23","7v","2006-10-27","7v","2007-03-28","7v","2007-11-12","7v",null,null,3,5,10,18,null,"7v","No vacunat","No vacunat","Complerta",null,"carnet vacunal","ONV","no","no","no","no","No",{"$nulls":4},6,">=60",">=60 m",">= 60 m"]
[20390,"home",6,"H. St. Joan de Deu","2012-04-06","2012-10-21","2012-10-23","octubre","Segon semestre",2012,null,null,"2012-10-23","2012-11-09",17,"si","Meningitis",null,null,"no",null,null,"Líquid Cefaloraquidi","negatiu","positiu","Sang","positiu","no realitzat","Líquid Cefaloraquidi","Cultiu+PCR","Curació","No","si",3,"2012-07-12","13v","2012-09-05","13v","2012-10-18","13v",{"$nulls":4},3,4,6,null,null,"13v","Incomplerta","Incomplerta","Incomplerta",null,"carnet vacunal","22F","no","no","no","no","No",null,0.015,null,0.015,0,"0-23","3 a 11 m","0 a 6 m"]
[20400,"home",130,"H. St. Joan de Deu","2002-01-02","2012-11-11","2012-11-12","novembre","Segon semestre",2012,null,null,"2012-11-12","2012-11-28",16,"si","Meningitis",null,null,"no",null,null,"Líquid Cefaloraquidi","negatiu","positiu",{"$nulls":3},"Líquid Cefaloraquidi","Només PCR","Curació","Si","si",2,"2003-05-21","7v","2007-03-02","23v",{"$nulls":6},16,62,{"$nulls":3},"7v","No vacunat","No vacunat","Malament",null,"història clínica","3","no","no","si","si","No",{"$nulls":4},10,">=60",">=60 m",">= 60 m"]
[20410,"dona",8,"H. St. Joan de Deu","2012-02-13","2012-11-04","2012-11-06","novembre","Segon semestre",2012,null,null,"2012-11-06","2012-11-13",7,"no","infecció osteo articular",null,null,"no",null,null,"Líquid Articular","positiu","no realitzat",{"$nulls":3},"Líquid Articular","Només Cultiu","Curació","No","si",3,"2012-05-14","13v","2012-07-17","13v","2012-09-13","13v",{"$nulls":4},3,5,7,null,null,"13v","Incomplerta","Incomplerta","Incomplerta",null,"centre salut","31","no","no","no","no","No",null,0.015,null,0.015,0,"0-23","3 a 11 m","7 a 23 m"]
[20420,"home",149,"H. St. Joan de Deu","2000-06-28","2012-12-01","2012-12-06","decembre","Segon semestre",2012,null,null,"2012-12-06","2012-12-15",9,"no","Pneumònia complicada","empiema",null,"si","Pneumotòrax",null,"Líquid Pleural","negatiu","positiu","Sang","negatiu","positiu","Líquid Pleural","Només PCR","Curació","No","no",{"$nulls":16},"no vacunat","No vacunat","No vacunat","No vacunat",null,"carnet vacunal","1","no","si","si","si","No",{"$nulls":4},12,">=60",">=60 m",">= 60 m"]
[20430,"home",1,"H. St. Joan de Deu","2012-10-31","2012-12-07","2012-12-16","decembre","Segon semestre",2012,null,null,"2012-12-16","2012-12-29",13,"no","Bacteriemia oculta",null,null,"no",null,null,"Sang","positiu","no realitzat",{"$nulls":3},"Sang","Només Cultiu","Curació","No","no",{"$nulls":16},"no vacunat","No vacunat","No vacunat","No vacunat",null,"història clínica","4","si","si","si","no","No",null,0.015,null,0.015,0,"0-23","0 a 2m","0 a 6 m"]
[20440,"home",57,"H. St. Joan de Deu","2008-02-29","2012-12-21","2012-12-21","decembre","Segon semestre",2012,null,null,"2012-12-21","2012-12-27",6,"no","Pneumònia no complicada",null,null,"no",null,null,"Sang","positiu","positiu",{"$nulls":3},"Sang","Cultiu+PCR","Curació","No","si",4,"2008-07-03","7v","2008-09-15","7v","2008-11-10","7v","2009-08-31","7v",null,null,4,6,8,18,null,"7v","No vacunat","No vacunat","Complerta",null,"carnet vacunal","1","no","si","si","si","No",null,0.015,null,0.015,4,"24-59","24 a 59 m","24 a 59 m"]
[20450,"home",45,"H. St. Joan de Deu","2009-04-14","2013-01-23","2013-02-01","febrer","Primer semestre",2013,"2013-02-01",0,"2013-02-01","2013-02-14",13,"no","Pneumònia complicada","empiema",null,"si",null,null,"Líquid Pleural","negatiu","positiu","Sang","negatiu","negatiu","Líquid Pleural","Només PCR","Curació","No","no",{"$nulls":16},"no vacunat","No vacunat","No vacunat","No vacunat",null,"història clínica","3","no","no","si","si","No",{"$nulls":4},3,"24-59","24 a 59 m","24 a 59 m"]
[20460,"home",104,"H. St. Joan de Deu","2004-05-21","2013-01-26","2013-02-01","febrer","Primer semestre",2013,null,null,"2013-02-01","2013-02-21",20,"no","Pneumònia complicada","empiema+pneumonia necrotitzant","ECO+TAC","si",null,null,"Líquid Pleural","positiu","positiu","Sang","negatiu","positiu","Líquid Pleural","Cultiu+PCR","Curació","No","no",{"$nulls":16},"no vacunat","No vacunat","No vacunat","No vacunat",null,"centre salut","1","no","si","si","si","No",null,0.015,null,0.015,8,">=60",">=60 m",">= 60 m"]
[20470,"home",63,"H. St. Joan de Deu","2007-10-10","2013-01-25","2013-02-04","febrer","Primer semestre",2013,null,null,"2013-02-04","2013-02-11",7,"si","Pneumònia complicada","vessament pleural+pneumonia necrotitzant","RX","si","IRA amb ventilacio mecànica",null,"Sang","negatiu","positiu",{"$nulls":3},"Sang","Només PCR","Curació amb sequeles","No","no",{"$nulls":16},"no vacunat","No vacunat","No vacunat","No vacunat",null,"història clínica","3","no","no","si","si","No",{"$nulls":4},5,">=60",">=60 m",">= 60 m"]
[20480,"home",2,"H. St. Joan de Deu","2012-11-15","2013-02-03","2013-02-04","febrer","Primer semestre",2013,"2013-02-03",1,"2013-02-04","2013-03-08",32,"si","Meningitis",null,null,"si","Convulsions","Sang+LCR","Líquid Cefaloraquidi","negatiu","no realitzat","Sang","negatiu","positiu","Líquid Cefaloraquidi","Cultiu+PCR","Curació amb sequeles","No","no",{"$nulls":16},"no vacunat","No vacunat","No vacunat","No vacunat",null,"història clínica","19A","no","no","si","si","No",null,0.12,null,0.25,0,"0-23","0 a 2m","0 a 6 m"]
[20490,"dona",142,"H. St. Joan de Deu","2001-04-10","2013-02-09","2013-02-10","febrer","Primer semestre",2013,null,null,"2013-02-10","2013-02-16",6,"no","Pneumònia no complicada",null,null,"no",null,null,"Sang","negatiu","positiu",{"$nulls":3},"Sang","Només PCR","Curació","No","no",{"$nulls":16},"no vacunat","No vacunat","No vacunat","No vacunat",null,"centre salut","19FBC","si","si","si","no","No",{"$nulls":4},11,">=60",">=60 m",">= 60 m"]
[20500,"dona",56,"H. St. Joan de Deu","2008-05-21","2013-02-06","2013-02-10","febrer","Primer semestre",2013,null,null,"2013-02-10","2013-02-19",9,"no","Pneumònia complicada","empiema",null,"si",null,null,"Líquid Pleural","negatiu","positiu","Sang","negatiu","negatiu","Líquid Pleural","Només PCR","Curació","No","no",{"$nulls":16},"no vacunat","No vacunat","No vacunat","No vacunat",null,"història clínica","1","no","si","si","si","No",{"$nulls":4},4,"24-59","24 a 59 m","24 a 59 m"]
[20510,"home",83,"H. St. Joan de Deu","2006-03-08","2013-02-08","2013-02-15","febrer","Primer semestre",2013,"2013-02-15",0,"2013-02-15","2013-02-26",11,"no","Pneumònia complicada","empiema",null,"si",null,null,"Líquid Pleural","negatiu","positiu","Sang","negatiu","negatiu","Líquid Pleural","Només PCR","Curació amb sequeles","No","si",3,"2007-01-11","7v","2007-03-08","7v","2007-09-10","7v",{"$nulls":4},10,12,18,null,null,"7v","No vacunat","No vacunat","Complerta",null,"centre salut","7FA","no","si","si","no","No",{"$nulls":4},6,">=60",">=60 m",">= 60 m"]
[20520,"home",92,"H. St. Joan de Deu","2005-06-08","2013-02-10","2013-02-16","febrer","Primer semestre",2013,"2013-02-14",2,"2013-02-16","2013-03-02",14,"si","Pneumònia complicada","empiema",null,"si",null,null,"Líquid Pleural","negatiu","positiu","Sang","negatiu","positiu","Líquid Pleural","Només PCR","Curació amb sequeles","No","si",3,"2006-07-27","7v","2006-09-27","7v","2007-08-23","7v",{"$nulls":4},13,15,26,null,null,"7v","No vacunat","No vacunat","Complerta",null,"centre salut","1","no","si","si","si","No",{"$nulls":4},7,">=60",">=60 m",">= 60 m"]
[20530,"dona",52,"H. St. Joan de Deu","2008-09-23","2013-02-09","2013-02-18","febrer","Primer semestre",2013,"2013-02-12",6,"2013-02-18","2013-02-25",7,"no","Pneumònia complicada","empiema",null,"si",null,null,"Líquid Pleural","negatiu","positiu","Sang","negatiu","negatiu","Líquid Pleural","Només PCR","Curació","No","si",4,"2008-12-23","7v","2009-03-03","7v","2009-05-20","7v","2010-05-04","10v",null,null,3,5,7,19,null,"10v","No vacunat","Malament","Complerta",null,"centre salut","1","no","si","si","si","No",{"$nulls":4},4,"24-59","24 a 59 m","24 a 59 m"]
[20540,"dona",140,"H. St. Joan de Deu","2001-06-08","2013-02-13","2013-02-18","febrer","Primer semestre",2013,null,null,"2013-02-18","2013-03-04",14,"si","Pneumònia complicada","empiema",null,"si","Pneumotòrax",null,"Líquid Pleural","positiu","positiu","Sang","negatiu","positiu","Líquid Pleural","Cultiu+PCR","Curació amb sequeles","No","no",{"$nulls":16},"no vacunat","No vacunat","No vacunat","No vacunat",null,"centre salut","1","no","si","si","si","No",null,0.015,null,0.015,11,">=60",">=60 m",">= 60 m"]
[20550,"dona",62,"H. St. Joan de Deu","2008-01-02","2013-03-14","2013-03-21","març","Primer semestre",2013,"2013-03-17",4,"2013-03-21","2013-03-29",8,"no","Pneumònia complicada","empiema",null,"si",null,"Sang","Líquid Pleural","negatiu","positiu","Sang","negatiu","negatiu","Líquid Pleural","Cultiu+PCR","Curació","No","si",2,"2008-10-02","7v","2009-01-23","7v",{"$nulls":6},9,12,{"$nulls":3},"7v","No vacunat","No vacunat","Malament",null,"carnet vacunal","1","no","si","si","si","No",null,0.015,null,0.015,5,">=60",">=60 m",">= 60 m"]
[20560,"home",6,"H. St. Joan de Deu","2012-09-10","2013-03-27","2013-04-01","abril","Primer semestre",2013,"2013-04-01",0,"2013-04-01","2013-04-07",6,"no","Pneumònia complicada","empiema",null,"si","Pneumotòrax",null,"Líquid Pleural","negatiu","positiu","Sang","positiu","positiu","Líquid Pleural","Cultiu+PCR","Curació","No","no",{"$nulls":16},"no vacunat","No vacunat","No vacunat","No vacunat",null,"història clínica","14","si","si","si","si","No",null,2,null,2,0,"0-23","3 a 11 m","0 a 6 m"]
[20570,"home",21,"H. St. Joan de Deu","2011-06-12","2013-04-02","2013-04-04","abril","Primer semestre",2013,null,null,"2013-04-04","2013-04-04",0,"no","Bacteriemia oculta",null,null,"no",null,null,"Sang","positiu","no realitzat",{"$nulls":3},"Sang","Només Cultiu","Curació","No","no",{"$nulls":16},"no vacunat","No vacunat","No vacunat","No vacunat",null,"centre salut","18C","si","si","si","si","No",null,0.015,null,0.015,1,"0-23","12 a 23 m","7 a 23 m"]
[20580,"home",90,"H. St. Joan de Deu","2005-10-17","2013-04-11","2013-04-19","abril","Primer semestre",2013,"2013-04-18",1,"2013-04-19","2013-05-01",12,"no","Pneumònia complicada","empiema",null,"si",null,null,"Líquid Pleural","no realitzat","positiu",{"$nulls":3},"Líquid Pleural","Només PCR","Curació","No","no",{"$nulls":16},"no vacunat","No vacunat","No vacunat","No vacunat",null,"centre salut","1","no","si","si","si","No",{"$nulls":4},7,">=60",">=60 m",">= 60 m"]
[20590,"home",7,"H. St. Joan de Deu","2012-09-19","2013-04-20","2013-04-20","abril","Primer semestre",2013,null,null,"2013-04-20","2013-04-27",7,"no","Bacteriemia oculta",null,null,"no",null,null,"Sang","positiu","no realitzat","Líquid Cefaloraquidi","negatiu","no realitzat","Sang","Només Cultiu","Curació","No","si",2,"2012-12-20","13v","2013-02-19","13v",{"$nulls":6},3,5,{"$nulls":3},"13v","Incomplerta","Incomplerta","Incomplerta",null,"centre salut","35B","no","no","no","no","No",null,0.015,null,0.015,0,"0-23","3 a 11 m","7 a 23 m"]
[20600,"dona",43,"H. St. Joan de Deu","2009-09-28","2013-04-30","2013-04-28","abril","Primer semestre",2013,null,null,"2013-04-28","2013-06-28",61,"si","Pneumònia no complicada",null,null,"no",null,null,"Sang","positiu","no realitzat",{"$nulls":3},"Sang","Només Cultiu","Curació","No","no",{"$nulls":16},"no vacunat","No vacunat","No vacunat","No vacunat",null,"història clínica","11A","no","no","no","si","No",null,1,null,2,3,"24-59","24 a 59 m","24 a 59 m"]
[20610,"dona",43,"H. St. Joan de Deu","2009-09-22","2013-05-04","2013-05-11","maig","Primer semestre",2013,null,null,"2013-05-11","2013-05-23",12,"no","Pneumònia complicada","pneumonia necrotitzant","RX+ECO","si",null,null,"Sang","negatiu","positiu",{"$nulls":3},"Sang","Només PCR","Curació amb sequeles","No","no",{"$nulls":16},"no vacunat","No vacunat","No vacunat","No vacunat",null,"història clínica","3","no","no","si","si","No",{"$nulls":4},3,"24-59","24 a 59 m","24 a 59 m"]
[20620,"home",159,"H. St. Joan de Deu","2000-02-02","2013-05-10","2013-05-12","maig","Primer semestre",2013,null,null,"2013-05-12","2013-05-16",4,"no","Bacteriemia oculta",null,null,"no",null,null,"Sang","positiu","no realitzat",{"$nulls":3},"Sang","Només Cultiu","Curació","Si","no",{"$nulls":16},"no vacunat","No vacunat","No vacunat","No vacunat",null,"història clínica","24F","no","no","no","no","No",null,0.5,null,0.12,13,">=60",">=60 m",">= 60 m"]
[20630,"dona",42,"H. St. Joan de Deu","2009-10-18","2013-05-10","2013-05-14","maig","Primer semestre",2013,null,null,"2013-05-14","2013-05-22",8,"si","Pneumònia complicada","empiema",null,"si",null,null,"Líquid Pleural","positiu","no realitzat","Sang","positiu","positiu","Líquid Pleural","Cultiu+PCR","Curació","No","no",{"$nulls":16},"no vacunat","No vacunat","No vacunat","No vacunat",null,"història clínica","1","no","si","si","si","No",null,0.015,null,0.015,3,"24-59","24 a 59 m","24 a 59 m"]
[20640,"home",14,"H. St. Joan de Deu","2012-03-13","2013-05-11","2013-05-15","maig","Primer semestre",2013,null,null,"2013-05-15","2013-05-31",16,"si","Meningitis",null,null,"si","Coagulació Intravascular Diseminada",null,"Líquid Cefaloraquidi","positiu","positiu","Sang","positiu","positiu","Líquid Cefaloraquidi","Cultiu+PCR","Curació","No","no",{"$nulls":16},"no vacunat","No vacunat","No vacunat","No vacunat",null,"història clínica","14","si","si","si","si","No",null,1,null,1,1,"0-23","12 a 23 m","7 a 23 m"]
[20650,"dona",17,"H. St. Joan de Deu","2011-12-30","2013-06-02","2013-06-08","juny","Primer semestre",2013,"2013-06-05",3,"2013-06-08","2013-06-23",15,"si","Pneumònia complicada","empiema+pneumonia necrotitzant","RX","si","IRA amb ventilacio mecànica","Sang","Sang","negatiu","positiu",{"$nulls":3},"Sang","Cultiu+PCR","Curació","No","si",3,"2012-03-29","13v","2012-05-30","13v","2012-08-03","13v",{"$nulls":4},2,5,7,null,null,"13v","Malament","Malament","Malament",null,"centre salut","3","no","no","si","si","No",null,0.015,null,0.015,1,"0-23","12 a 23 m","7 a 23 m"]
[20660,"home",12,"H. St. Joan de Deu","2012-06-06","2013-06-03","2013-06-06","juny","Primer semestre",2013,null,null,"2013-06-06","2013-06-12",6,"no","Pneumònia no complicada",null,null,"no",null,null,"Sang","positiu","no realitzat",{"$nulls":3},"Sang","Només Cultiu","Curació","Si","si",4,"2012-10-25","13v","2013-02-05","13v","2013-03-25","13v","2013-05-14","13v",null,null,4,7,9,11,null,"13v","Complerta","Complerta","Complerta",null,"carnet vacunal","33F","no","no","no","si","No",null,0.03,null,0.03,1,"0-23","12 a 23 m","7 a 23 m"]
[20670,"home",45,"H. St. Joan de Deu","2009-12-06","2013-09-14","2013-09-16","setembre","Segon semestre",2013,"2013-09-16",0,"2013-09-16","2013-10-11",25,"si","Xoc sèptic",null,null,"no",null,"Sang","Sang","negatiu","positiu",{"$nulls":3},"Sang","Cultiu+PCR","Curació","Si","si",4,"2010-03-05","10v","2010-05-05","10v","2010-06-30","10v","2011-05-06","10v",null,null,2,4,6,17,null,"10v","No vacunat","Complerta","Complerta",null,"carnet vacunal","3",{"$nulls":4},"No",null,0.015,null,0.015,3,"24-59","24 a 59 m","24 a 59 m"]
[20680,"home",12,"H. St. Joan de Deu","2012-09-26","2013-09-28","2013-10-06","octubre","Segon semestre",2013,null,null,"2013-10-06","2013-10-15",9,"no","Pneumònia complicada","empiema+pneumonia necrotitzant","RX","si",null,null,"Líquid Pleural","negatiu","positiu",{"$nulls":3},"Líquid Pleural","Només PCR","Curació","No","si",3,"2012-12-10","13v","2013-02-02","13v","2013-04-08","13v",{"$nulls":4},2,4,6,null,null,"13v","Incomplerta","Incomplerta","Incomplerta",null,"carnet vacunal","6B","si","si","si","si","Fallo 13V",{"$nulls":4},1,"0-23","12 a 23 m","7 a 23 m"]
[20690,"home",98,"H. St. Joan de Deu","2005-08-09","2013-10-13","2013-10-18","octubre","Segon semestre",2013,null,null,"2013-10-18","2013-10-29",11,"no","Pneumònia complicada","empiema",null,"si",null,null,"Líquid Pleural","negatiu","positiu",{"$nulls":3},"Líquid Pleural","Només PCR","Curació","No","no",{"$nulls":16},"no vacunat","No vacunat","No vacunat","No vacunat",null,"centre salut","1","no","si","si","si","No",{"$nulls":4},8,">=60",">=60 m",">= 60 m"]
[20700,"home",4,"H. St. Joan de Deu","2013-05-19","2013-10-11","2013-10-16","octubre","Segon semestre",2013,null,null,"2013-10-16","2013-10-21",5,"no","Bacteriemia oculta",null,null,"no",null,null,"Sang","positiu","no realitzat",{"$nulls":3},"Sang","Només Cultiu","Curació","No","si",1,"2013-07-24","13v",{"$nulls":8},2,{"$nulls":4},"13v","Incomplerta","Incomplerta","Incomplerta",null,"centre salut","15A","no","no","no","no","No",null,0.12,null,0.12,0,"0-23","3 a 11 m","0 a 6 m"]
[20710,"home",34,"H. St. Joan de Deu","2010-12-24","2013-10-23","2013-10-28","octubre","Segon semestre",2013,null,null,"2013-10-28","2013-11-08",11,"no","Pneumònia complicada","empiema",null,"si",null,null,"Líquid Pleural","negatiu","positiu",{"$nulls":3},"Líquid Pleural","Només PCR","Curació","No","no",{"$nulls":16},"no vacunat","No vacunat","No vacunat","No vacunat",null,"centre salut","6A/C","no","no","si","no","No",{"$nulls":4},2,"24-59","24 a 59 m","24 a 59 m"]
[20720,"home",67,"H. St. Joan de Deu","2008-03-23","2013-11-07","2013-11-11","novembre","Segon semestre",2013,null,null,"2013-11-11","2013-11-22",11,"si","Pneumònia complicada","empiema",null,"si",null,null,"Líquid Pleural","negatiu","positiu","Sang","positiu","positiu","Líquid Pleural","Cultiu+PCR","Curació","No","si",4,"2008-05-29","7v","2008-07-31","7v","2008-09-29","7v","2009-09-28","7v",null,null,2,4,6,18,null,"7v","No vacunat","No vacunat","Complerta",null,"carnet vacunal","1","no","si","si","si","No",null,0.015,null,0.015,5,">=60",">=60 m",">= 60 m"]
[20730,"dona",69,"H. St. Joan de Deu","2008-01-21","2013-11-09","2013-11-14","novembre","Segon semestre",2013,"2013-11-14",0,"2013-11-14","2013-11-21",7,"no","Pneumònia complicada","empiema+pneumonia necrotitzant","ECO","si",null,null,"Líquid Pleural","negatiu","positiu",{"$nulls":3},"Líquid Pleural","Només PCR","Curació","No","no",{"$nulls":16},"no vacunat","No vacunat","No vacunat","No vacunat",null,"carnet vacunal","6A/C","no","no","si","no","No",{"$nulls":4},5,">=60",">=60 m",">= 60 m"]
[20740,"home",29,"H. St. Joan de Deu","2011-06-09","2013-11-05","2013-11-19","novembre","Segon semestre",2013,"2013-11-19",0,"2013-11-19","2013-12-14",25,"si","Pneumònia complicada","empiema+pneumonia necrotitzant","TAC","si","Pneumotòrax",null,"Líquid Pleural","negatiu","positiu","Sang","negatiu","positiu","Líquid Pleural","Només PCR","Curació","No","si",3,"2011-09-01","13v","2011-10-10","13v","2011-12-12","13v",{"$nulls":4},2,4,6,null,null,"13v","Malament","Malament","Malament",null,"centre salut","3","no","no","si","si","No",{"$nulls":4},2,"24-59","24 a 59 m","24 a 59 m"]
[20750,"home",9,"H. St. Joan de Deu","2013-02-14","2013-11-20","2013-11-22","novembre","Segon semestre",2013,null,null,"2013-11-22","2013-11-26",4,"no","Bacteriemia oculta",null,null,"no",null,null,"Sang","positiu","no realitzat",{"$nulls":3},"Sang","Només Cultiu","Curació","No","no",{"$nulls":16},"no vacunat","No vacunat","No vacunat","No vacunat",null,"carnet vacunal","19F","si","si","si","si","No",null,0.03,null,0.06,0,"0-23","3 a 11 m","7 a 23 m"]
[20760,"dona",1,"H. St. Joan de Deu","2013-10-09","2013-11-28","2013-11-28","novembre","Segon semestre",2013,null,null,"2013-11-28","2013-12-20",22,"si","Meningitis",null,null,"si","Convulsions",null,"Sang","positiu","no realitzat","Líquid Cefaloraquidi","negatiu","no realitzat","Sang","Només Cultiu","Curació","No","no",{"$nulls":16},"no vacunat","No vacunat","No vacunat","No vacunat",null,"història clínica","19F","si","si","si","si","No",null,1,null,0.5,0,"0-23","0 a 2m","0 a 6 m"]
[20770,"home",31,"H. St. Joan de Deu","2011-04-17","2013-12-01","2013-12-09","decembre","Segon semestre",2013,"2013-12-03",6,"2013-12-09","2014-02-05",58,"si","Meningitis",null,null,"si","Col·lecció Intracraneal","Líquid Cefaloraquidi","Líquid Cefaloraquidi","negatiu","negatiu","Sang","positiu","positiu","Líquid Cefaloraquidi","Cultiu+PCR","Curació amb sequeles","Si","si",2,"2011-06-30","13v","2011-11-10","13v",{"$nulls":6},2,6,{"$nulls":3},"13v","Malament","Malament","Malament",null,"centre salut","15B","no","no","no","si","No",null,0.03,null,0.03,2,"24-59","24 a 59 m","24 a 59 m"]
[20780,"home",142,"H. St. Joan de Deu","2002-01-27","2013-12-06","2013-12-09","decembre","Segon semestre",2013,null,null,"2013-12-09","2013-12-24",15,"no","Pneumònia complicada","empiema",null,"si",null,null,"Líquid Pleural","negatiu","positiu","Sang","negatiu","negatiu","Líquid Pleural","Només PCR","Curació","No","no",{"$nulls":16},"no vacunat","No vacunat","No vacunat","No vacunat",null,"història clínica","1","no","si","si","si","No",{"$nulls":4},11,">=60",">=60 m",">= 60 m"]
[20790,"home",21,"H. St. Joan de Deu","2012-02-25","2013-11-22","2013-11-27","novembre","Segon semestre",2013,"2013-11-25",2,"2013-11-27","2013-12-11",14,"no","Meningitis",null,null,"no",null,null,"Líquid Cefaloraquidi","negatiu","positiu",{"$nulls":3},"Líquid Cefaloraquidi","Només PCR","Curació","No","si",4,"2012-05-24","13v","2012-07-24","13v","2012-10-05","13v","2013-05-28","13v",null,null,2,4,7,15,null,"13v","Complerta","Complerta","Complerta",null,"carnet vacunal","ONV","no","no","no","no","No",{"$nulls":4},1,"0-23","12 a 23 m","7 a 23 m"]
[20800,"home",85,"H. St. Joan de Deu","2006-10-30","2013-12-20","2013-12-25","decembre","Segon semestre",2013,"2013-12-23",2,"2013-12-25","2014-01-04",10,"no","Pneumònia complicada","empiema",null,"si",null,"Sang","Líquid Pleural","negatiu","positiu",{"$nulls":3},"Líquid Pleural","Cultiu+PCR","Curació","No","si",2,"2008-09-04","7v","2009-03-27","7v",{"$nulls":6},22,28,{"$nulls":3},"7v","No vacunat","No vacunat","Complerta",null,"centre salut","1","no","si","si","si","No",null,0.03,null,0.03,7,">=60",">=60 m",">= 60 m"]
[20810,"home",26,"H. St. Joan de Deu","2011-10-14","2014-01-02","2014-01-09","gener","Primer semestre",2014,null,null,"2014-01-09","2014-01-13",4,"no","Pneumònia no complicada",null,null,"no",null,null,"Sang","positiu","negatiu",{"$nulls":3},"Sang","Només Cultiu","Curació","No","si",4,"2012-01-24","13v","2012-03-15","13v","2012-05-15","13v","2013-01-21","13v",null,null,3,5,7,15,null,"13v","Complerta","Complerta","Complerta",null,"centre salut","24F","no","no","no","no","No",null,0.25,null,0.25,2,"24-59","24 a 59 m","24 a 59 m"]
[20820,"home",6,"H. St. Joan de Deu","2013-07-09","2014-01-11","2014-01-12","gener","Primer semestre",2014,null,null,"2014-01-12","2014-01-16",4,"no","Bacteriemia oculta",null,null,"no",null,null,"Sang","positiu","negatiu","Líquid Cefaloraquidi","negatiu","no realitzat","Sang","Només Cultiu","Curació","No","no",{"$nulls":16},"no vacunat","No vacunat","No vacunat","No vacunat",null,"carnet vacunal","27","no","no","no","no","No",null,0.3,null,0.3,0,"0-23","3 a 11 m","0 a 6 m"]
[20830,"home",23,"H. St. Joan de Deu","2012-02-24","2014-01-24","2014-01-26","gener","Primer semestre",2014,"2014-01-26",0,"2014-01-26","2014-01-27",1,"si","Xoc sèptic",null,null,"si","IRA amb ventilacio mecànica","Sang","Sang","negatiu","positiu",{"$nulls":3},"Sang","Cultiu+PCR","Defunció","No","si",4,"2012-06-06","13v","2012-08-10","13v","2012-10-10","13v","2013-05-27","13v",null,null,3,5,7,15,null,"13v","Complerta","Complerta","Complerta",null,"carnet vacunal","ONV","no","no","no","no","No",{"$nulls":4},1,"0-23","12 a 23 m","7 a 23 m"]
[20840,"dona",44,"H. St. Joan de Deu","2010-06-06","2014-02-16","2014-02-21","febrer","Primer semestre",2014,null,null,"2014-02-21","2014-02-27",6,"no","Pneumònia complicada","empiema",null,"si",null,null,"Líquid Pleural","negatiu","positiu","Sang","negatiu","positiu","Líquid Pleural","Només PCR","Curació","No","si",4,"2010-09-08","13v","2010-11-12","13v","2011-01-13","13v","2012-02-07","13v",null,null,3,5,7,20,null,"13v","Complerta","Complerta","Complerta",null,"carnet vacunal","3","no","no","si","si","Fallo 13V",{"$nulls":4},3,"24-59","24 a 59 m","24 a 59 m"]
[20850,"home",51,"H. St. Joan de Deu","2009-11-26","2014-02-20","2014-02-26","febrer","Primer semestre",2014,null,null,"2014-02-26","2014-03-10",12,"no","Pneumònia complicada","empiema+pneumonia necrotitzant","RX+TAC","si",null,null,"Líquid Pleural","negatiu","positiu","Sang","negatiu","no realitzat","Líquid Pleural","Només PCR","Curació","No","no",{"$nulls":16},"no vacunat","No vacunat","No vacunat","No vacunat",null,"centre salut","3","no","no","si","si","No",{"$nulls":4},4,"24-59","24 a 59 m","24 a 59 m"]
[20860,"home",16,"H. St. Joan de Deu","2012-10-02","2014-02-22","2014-02-25","febrer","Primer semestre",2014,null,null,"2014-02-25","2014-03-04",7,"no","Pneumònia complicada","vessament pleural",null,"si",null,null,"Sang","positiu","negatiu",{"$nulls":3},"Sang","Només Cultiu","Curació","No","no",{"$nulls":16},"no vacunat","No vacunat","No vacunat","No vacunat",null,"centre salut","24F","no","no","no","no","No",null,0.5,null,0.12,1,"0-23","12 a 23 m","7 a 23 m"]
[20870,"home",66,"H. St. Joan de Deu","2008-08-10","2014-02-25","2014-02-25","febrer","Primer semestre",2014,null,null,"2014-02-25","2014-02-25",0,"no","Bacteriemia oculta",null,null,"no",null,null,"Sang","positiu","no realitzat",{"$nulls":3},"Sang","Només Cultiu","Curació","Si","no",{"$nulls":16},"no vacunat","No vacunat","No vacunat","No vacunat",null,"història clínica","18C","si","si","si","si","No",null,0.015,null,0.015,5,">=60",">=60 m",">= 60 m"]
[20880,"dona",5,"H. St. Joan de Deu","2013-10-13","2014-03-24","2014-03-26","març","Primer semestre",2014,"2014-03-25",1,"2014-03-26","2014-04-11",16,"si","Meningitis",null,null,"no",null,"Sang","Líquid Cefaloraquidi","negatiu","positiu",{"$nulls":3},"Líquid Cefaloraquidi","Cultiu+PCR","Curació","No","si",2,"2014-01-14","13v","2014-03-20","13v",{"$nulls":6},3,5,{"$nulls":3},"13v","Incomplerta","Incomplerta","Incomplerta",null,"carnet vacunal","ONV","no","no","no","no","No",{"$nulls":4},0,"0-23","3 a 11 m","0 a 6 m"]
[20890,"home",36,"H. St. Joan de Deu","2011-03-11","2014-03-28","2014-04-02","abril","Primer semestre",2014,null,null,"2014-04-02","2014-04-12",10,"no","Pneumònia complicada","vessament pleural",null,"si",null,null,"Sang","negatiu","positiu",{"$nulls":3},"Sang","Només PCR","Curació","No","no",{"$nulls":16},"no vacunat","No vacunat","No vacunat","No vacunat",null,"centre salut","7F","no","si","si","si","No",{"$nulls":4},3,"24-59","24 a 59 m","24 a 59 m"]
[20900,"dona",87,"H. St. Joan de Deu","2006-12-25","2014-04-01","2014-04-03","abril","Primer semestre",2014,null,null,"2014-04-03","2014-04-16",13,"no","Pneumònia complicada","vessament pleural",null,"si",null,null,"Sang","negatiu","positiu",{"$nulls":3},"Sang","Només PCR","Curació","No","no",{"$nulls":16},"no vacunat","No vacunat","No vacunat","No vacunat",null,"centre salut","1","no","si","si","si","No",{"$nulls":4},7,">=60",">=60 m",">= 60 m"]
[20910,"dona",40,"H. St. Joan de Deu","2010-12-27","2014-05-11","2014-05-12","maig","Primer semestre",2014,"2014-05-12",0,"2014-05-12","2014-05-31",19,"si","Meningitis",null,null,"si","Convulsions","Sang","Líquid Cefaloraquidi","negatiu","positiu","Sang","negatiu","negatiu","Líquid Cefaloraquidi","Cultiu+PCR","Curació amb sequeles","No","no",{"$nulls":16},"no vacunat","No vacunat","No vacunat","No vacunat",null,"carnet vacunal","16F","no","no","no","no","No",null,0.015,null,0.015,3,"24-59","24 a 59 m","24 a 59 m"]
[20920,"home",74,"H. St. Joan de Deu","2008-04-02","2014-06-04","2014-06-06","juny","Primer semestre",2014,null,null,"2014-06-06","2014-06-14",8,"no","Pneumònia complicada","empiema",null,"si",null,null,"Líquid Pleural","positiu","positiu","Sang","negatiu","positiu","Líquid Pleural","Cultiu+PCR","Curació","No","no",{"$nulls":16},"no vacunat","No vacunat","No vacunat","No vacunat",null,"carnet vacunal","1","no","si","si","si","No",null,0.015,null,0.015,6,">=60",">=60 m",">= 60 m"]
[20930,"home",49,"H. St. Joan de Deu","2010-05-07","2014-06-04","2014-06-19","juny","Primer semestre",2014,"2014-06-19",0,"2014-06-19","2014-06-27",8,"no","Pneumònia complicada","empiema",null,"si",null,null,"Líquid Pleural","negatiu","positiu","Sang","negatiu","positiu","Líquid Pleural","Només PCR","Curació","No","si",4,"2010-07-17","10v","2010-09-14","10v","2010-11-09","10v","2011-09-06","10v",null,null,2,4,6,15,null,"10v","No vacunat","Complerta","Complerta",null,"centre salut","3","no","no","si","si","No",{"$nulls":4},4,"24-59","24 a 59 m","24 a 59 m"]
[20940,"dona",16,"H. St. Joan de Deu","2013-02-06","2014-06-22","2014-06-26","juny","Primer semestre",2014,null,null,"2014-06-26","2014-07-03",7,"no","Pneumònia no complicada",null,null,"no",null,null,"Sang","negatiu","positiu",{"$nulls":3},"Sang","Només PCR","Curació","No","no",{"$nulls":16},"no vacunat","No vacunat","No vacunat","No vacunat",null,"carnet vacunal","ONV","no","no","no","no","No",{"$nulls":4},1,"0-23","12 a 23 m","7 a 23 m"]
[20960,"home",25,"H. St. Joan de Deu","2012-07-13","2014-08-18","2014-08-25","agost","Segon semestre",2014,null,null,"2014-08-25","2014-08-28",3,"no","Pneumònia complicada","vessament pleural",null,"si",null,null,"Sang","negatiu","positiu",{"$nulls":3},"Sang","Només PCR","Curació","No","no",{"$nulls":16},"no vacunat","No vacunat","No vacunat","No vacunat",null,"centre salut","14","si","si","si","si","No",{"$nulls":4},2,"24-59","24 a 59 m","24 a 59 m"]
[20970,"home",29,"H. St. Joan de Deu","2012-05-07","2014-10-05","2014-10-08","octubre","Segon semestre",2014,"2014-10-05",3,"2014-10-08","2014-10-24",16,"si","Pneumònia complicada","empiema",null,"si",null,null,"Líquid Pleural","positiu","no realitzat","Sang","negatiu","positiu","Líquid Pleural","Cultiu+PCR","Curació","Si","si",1,"2014-09-25","13v",{"$nulls":8},28,{"$nulls":4},"13v","No vacunat","No vacunat","No vacunat","dif vac/ingres 10d","carnet vacunal","19A","no","no","si","si","No",null,0.06,null,0.06,2,"24-59","24 a 59 m","24 a 59 m"]
[20980,"home",35,"H. St. Joan de Deu","2011-10-11","2014-10-04","2014-10-09","octubre","Segon semestre",2014,null,null,"2014-10-09","2014-10-14",5,"no","Pneumònia no complicada",null,null,"no",null,null,"Sang","positiu","negatiu",{"$nulls":3},"Sang","Només Cultiu","Curació","No","no",{"$nulls":16},"no vacunat","No vacunat","No vacunat","No vacunat",null,"centre salut","19A","no","no","si","si","No",null,1,null,2,2,"24-59","24 a 59 m","24 a 59 m"]
[20990,"home",15,"H. St. Joan de Deu","2013-07-03","2014-10-26","2014-10-28","octubre","Segon semestre",2014,null,null,"2014-10-28","2014-11-07",10,"no","infecció osteo articular",null,null,"no",null,null,"Sang","positiu","no realitzat","Ótic","positiu","no realitzat","Sang","Només Cultiu","Curació","No","si",3,"2013-09-29","13v","2013-12-02","13v","2014-02-07","13v",{"$nulls":4},2,4,7,null,null,"13v","Incomplerta","Incomplerta","Incomplerta",null,"centre salut","19A","no","no","si","si","Fallo 13V",null,2,null,2,1,"0-23","12 a 23 m","7 a 23 m"]
[21000,"home",52,"H. St. Joan de Deu","2010-06-07","2014-10-19","2014-10-19","octubre","Segon semestre",2014,null,null,"2014-10-19","2014-10-27",8,"no","Bacteriemia oculta",null,null,"no",null,null,"Sang","positiu","no realitzat",{"$nulls":3},"Sang","Només Cultiu","Curació","Si","no",{"$nulls":16},"no vacunat","No vacunat","No vacunat","No vacunat",null,"carnet vacunal","19F","no","no","si","si","No",null,8,null,8,4,"24-59","24 a 59 m","24 a 59 m"]
[21010,"dona",58,"H. St. Joan de Deu","2010-01-07","2014-11-01","2014-11-11","novembre","Segon semestre",2014,null,null,"2014-11-11","2014-11-17",6,"no","Pneumònia complicada","empiema",null,"si",null,null,"Líquid Pleural","negatiu","positiu","Sang","negatiu","negatiu","Líquid Pleural","Només PCR","Curació","No","si",2,"2010-05-10","7v","2010-10-13","13v",{"$nulls":6},4,9,{"$nulls":3},"13v","Malament","Malament","Malament",null,"carnet vacunal","1","no","si","si","si","No",{"$nulls":4},4,"24-59","24 a 59 m","24 a 59 m"]
[21020,"home",45,"H. St. Joan de Deu","2011-02-11","2014-11-19","2014-11-21","novembre","Segon semestre",2014,null,null,"2014-11-21","2014-11-25",4,"no","Pneumònia no complicada",null,null,"no",null,null,"Sang","negatiu","positiu",{"$nulls":3},"Sang","Només PCR","Curació","No","no",{"$nulls":16},"no vacunat","No vacunat","No vacunat","No vacunat",null,"centre salut","ONV","no","no","no","no","No",{"$nulls":4},3,"24-59","24 a 59 m","24 a 59 m"]
[21030,"dona",7,"H. St. Joan de Deu","2014-03-31","2014-11-21","2014-11-26","novembre","Segon semestre",2014,null,null,"2014-11-26","2014-12-01",5,"no","Pneumònia no complicada",null,null,"no",null,null,"Sang","positiu","no realitzat",{"$nulls":3},"Sang","Només Cultiu","Curació","No","si",2,"2014-06-04","13v","2014-08-07","13v",{"$nulls":6},2,4,{"$nulls":3},"13v","Incomplerta","Incomplerta","Incomplerta",null,"carnet vacunal","24A","no","no","no","no","No",null,0.5,null,0.25,0,"0-23","3 a 11 m","7 a 23 m"]
[21040,"home",18,"H. St. Joan de Deu","2013-05-24","2014-12-01","2014-12-07","decembre","Segon semestre",2014,null,null,"2014-12-07","2015-01-05",29,"si","Pneumònia complicada","vessament pleural",null,"si","Síndrom hemolitic uremic atipic",null,"Sang","positiu","positiu",{"$nulls":3},"Sang","Cultiu+PCR","Curació amb sequeles","No","no",{"$nulls":16},"no vacunat","No vacunat","No vacunat","No vacunat",null,"centre salut","19A","no","no","si","si","No",null,0.5,null,0.5,1,"0-23","12 a 23 m","7 a 23 m"]
[21050,"home",25,"H. St. Joan de Deu","2012-10-16","2014-12-04","2014-12-05","decembre","Segon semestre",2014,null,null,"2014-12-05","2014-12-16",11,"no","Pneumònia no complicada",null,null,"no",null,null,"Sang","positiu","positiu",{"$nulls":3},"Sang","Cultiu+PCR","Curació","No","si",4,"2013-02-07","13v","2013-03-25","13v","2013-06-06","13v","2014-03-13","13v",null,null,3,5,7,16,null,"13v","Complerta","Complerta","Complerta",null,"carnet vacunal","11A","no","no","no","si","No",null,0.015,null,0.015,2,"24-59","24 a 59 m","24 a 59 m"]
[21060,"home",0,"H. St. Joan de Deu","2015-01-09","2015-01-10","2015-01-10","gener","Primer semestre",2015,"2015-01-09",1,"2015-01-10","2015-01-23",13,"si","Xoc sèptic",null,null,"si","IRA amb ventilacio mecànica","Sang","Sang","negatiu","positiu",{"$nulls":3},"Sang","Cultiu+PCR","Curació","No","no",{"$nulls":16},"no vacunat","No vacunat","No vacunat","No vacunat",null,"història clínica","3","no","no","si","si","No",null,0.015,null,0.015,0,"0-23","0 a 2m","0 a 6 m"]
[21070,"home",32,"H. St. Joan de Deu","2012-05-21","2015-01-18","2015-01-23","gener","Primer semestre",2015,null,null,"2015-01-23","2015-01-27",4,"no","Mastoiditis",null,null,"no",null,null,"Sang","negatiu","positiu",{"$nulls":3},"Sang","Només PCR","Curació","No","si",4,"2012-08-02","13v","2012-09-26","13v","2012-11-21","13v","2013-09-12","13v",null,null,2,4,6,15,null,"13v","Complerta","Complerta","Complerta",null,"carnet vacunal","ONV","no","no","no","no","No",{"$nulls":4},2,"24-59","24 a 59 m","24 a 59 m"]
[21080,"home",34,"H. St. Joan de Deu","2012-03-16","2015-01-27","2015-02-05","gener","Primer semestre",2015,null,null,"2015-02-05","2015-02-13",8,"no","Pneumònia complicada","empiema",null,"si",null,null,"Líquid Pleural","negatiu","positiu",{"$nulls":3},"Líquid Pleural","Només PCR","Curació amb sequeles","No","no",{"$nulls":16},"no vacunat","No vacunat","No vacunat","No vacunat",null,"carnet vacunal","3","no","no","si","si","No",{"$nulls":4},2,"24-59","24 a 59 m","24 a 59 m"]
[21090,"home",39,"H. St. Joan de Deu","2011-11-03","2015-02-04","2015-02-08","febrer","Primer semestre",2015,null,null,"2015-02-08","2015-02-20",12,"no","Pneumònia complicada","empiema",null,"si",null,null,"Líquid Pleural","negatiu","positiu",{"$nulls":3},"Líquid Pleural","Només PCR","Curació","No","no",{"$nulls":16},"no vacunat","No vacunat","No vacunat","No vacunat",null,"centre salut","1","no","si","si","si","No",{"$nulls":4},3,"24-59","24 a 59 m","24 a 59 m"]
[21100,"dona",121,"H. St. Joan de Deu","2004-12-28","2015-02-08","2015-02-09","febrer","Primer semestre",2015,null,null,"2015-02-09","2015-02-17",8,"no","Pancreatitis",null,null,"no",null,null,"Sang","positiu","positiu",{"$nulls":3},"Sang","Cultiu+PCR","Curació","No","si",3,"2006-09-04","7v","2006-12-29","7v","2014-05-19","13v",{"$nulls":4},20,24,112,null,null,"13v","Complerta","Complerta","Complerta",null,"centre salut","8","no","no","no","si","No",null,0.015,null,0.015,10,">=60",">=60 m",">= 60 m"]
[21110,"home",169,"H. St. Joan de Deu","2000-12-26","2015-02-17","2015-02-18","febrer","Primer semestre",2015,null,null,"2015-02-18","2015-02-23",5,"no","Pneumònia complicada","vessament pleural",null,"si",null,null,"Sang","positiu","positiu",{"$nulls":3},"Sang","Cultiu+PCR","Curació","No","si",1,"2003-09-22","7v",{"$nulls":8},32,{"$nulls":4},"7v","No vacunat","No vacunat","Complerta",null,"centre salut","14","si","si","si","si","Fallo 7V",null,1,null,0.5,14,">=60",">=60 m",">= 60 m"]
[21120,"home",51,"H. St. Joan de Deu","2010-10-25","2015-02-08","2015-02-20","febrer","Primer semestre",2015,"2015-02-16",4,"2015-02-20","2015-02-27",7,"no","Pneumònia complicada","empiema",null,"si",null,null,"Sang","no realitzat","positiu",{"$nulls":3},"Sang","Només PCR","Curació","No","si",4,"2011-01-19","13v","2011-03-21","13v","2011-05-23","13v","2012-03-08","13v",null,null,2,4,6,16,null,"13v","Complerta","Complerta","Complerta",null,"carnet vacunal","3","no","no","si","si","Fallo 13V",{"$nulls":4},4,"24-59","24 a 59 m","24 a 59 m"]
[21130,"home",65,"H. St. Joan de Deu","2009-08-25","2015-02-13","2015-02-19","febrer","Primer semestre",2015,null,null,"2015-02-19","2015-03-06",15,"no","Pneumònia complicada","empiema+pneumonia necrotitzant",null,"si",null,null,"Líquid Pleural","negatiu","positiu","Sang","negatiu","positiu","Líquid Pleural","Només PCR","Curació amb sequeles","No","no",{"$nulls":16},"no vacunat","No vacunat","No vacunat","No vacunat",null,"centre salut","3","no","no","si","si","No",{"$nulls":4},5,">=60",">=60 m",">= 60 m"]
[21140,"dona",22,"H. St. Joan de Deu","2013-04-11","2015-02-18","2015-02-22","febrer","Primer semestre",2015,null,null,"2015-02-22","2015-03-02",8,"no","infecció osteo articular",null,null,"no",null,null,"Líquid Articular","positiu","no realitzat","Sang","negatiu","no realitzat","Líquid Articular","Només Cultiu","Curació","No","no",{"$nulls":16},"no vacunat","No vacunat","No vacunat","No vacunat",null,"carnet vacunal","14","si","si","si","si","No",null,2,null,1,1,"0-23","12 a 23 m","7 a 23 m"]
[21150,"dona",45,"H. St. Joan de Deu","2011-05-13","2015-02-24","2015-02-24","febrer","Primer semestre",2015,null,null,"2015-02-24","2015-03-03",7,"no","Bacteriemia oculta",null,null,"no",null,null,"Sang","positiu","positiu",{"$nulls":3},"Sang","Cultiu+PCR","Curació","No","no",{"$nulls":16},"no vacunat","No vacunat","No vacunat","No vacunat",null,"centre salut","23B","no","no","no","no","No",null,0.25,null,0.12,3,"24-59","24 a 59 m","24 a 59 m"]
[21160,"dona",7,"H. St. Joan de Deu","2014-08-03","2015-03-02","2015-03-04","març","Primer semestre",2015,null,null,"2015-03-04","2015-04-02",29,"si","Meningitis",null,null,"si","Empiema cerebral",null,"Líquid Cefaloraquidi","positiu","no realitzat","Sang","positiu","no realitzat","Líquid Cefaloraquidi","Només Cultiu","Curació amb sequeles","No","no",{"$nulls":16},"no vacunat","No vacunat","No vacunat","No vacunat",null,"centre salut","13","no","no","no","no","No",null,0.015,null,0.015,0,"0-23","3 a 11 m","7 a 23 m"]
[21170,"dona",121,"H. St. Joan de Deu","2005-01-22","2015-03-15","2015-03-15","març","Primer semestre",2015,null,null,"2015-03-15","2015-03-18",3,"no","Pneumònia complicada","vessament pleural",null,"si",null,null,"Sang","negatiu","positiu",{"$nulls":3},"Sang","Només PCR","Curació","No","si",4,"2006-03-29","7v","2006-05-29","7v","2006-07-25","7v","2007-05-15","7v",null,null,14,16,18,27,null,"7v","No vacunat","No vacunat","Complerta",null,"centre salut","ONV","no","no","no","no","No",{"$nulls":4},10,">=60",">=60 m",">= 60 m"]
[21190,"home",10,"H. St. Joan de Deu","2014-05-07","2015-03-13","2015-03-09","març","Primer semestre",2015,null,null,"2015-03-09","2015-04-30",52,"si","Pneumònia complicada","empiema",null,"si",null,null,"Líquid Pleural","positiu","positiu",{"$nulls":3},"Líquid Pleural","Cultiu+PCR","Curació","Si","si",3,"2014-08-09","13v","2014-10-13","13v","2014-12-10","13v",{"$nulls":4},3,5,7,null,null,"13v","Incomplerta","Incomplerta","Incomplerta",null,"centre salut","23B","no","no","no","no","No",null,0.25,null,0.12,0,"0-23","3 a 11 m","7 a 23 m"]
[21200,"dona",40,"H. St. Joan de Deu","2011-11-18","2015-03-27","2015-04-05","abril","Primer semestre",2015,"2015-03-31",5,"2015-04-05","2015-04-15",10,"no","Pneumònia complicada","empiema",null,"si",null,null,"Líquid Pleural","negatiu","positiu",{"$nulls":3},"Líquid Pleural","Només PCR","Curació amb sequeles","No","si",4,"2012-01-18","13v","2012-03-21","13v","2012-05-21","13v","2012-11-19","13v",null,null,2,4,6,12,null,"13v","Complerta","Complerta","Complerta",null,"centre salut","ONV","no","no","no","no","No",{"$nulls":4},3,"24-59","24 a 59 m","24 a 59 m"]
[21210,"home",111,"H. St. Joan de Deu","2005-12-28","2015-04-20","2015-04-21","abril","Primer semestre",2015,null,null,"2015-04-21","2015-04-24",3,"no","Pneumònia no complicada",null,null,"no",null,null,"Sang","positiu","negatiu",{"$nulls":3},"Sang","Només Cultiu","Curació","No","no",{"$nulls":16},"no vacunat","No vacunat","No vacunat","No vacunat",null,"centre salut","4","si","si","si","no","No",null,0.015,null,0.015,9,">=60",">=60 m",">= 60 m"]
[21220,"home",3,"H. St. Joan de Deu","2015-01-20","2015-04-20","2015-04-21","abril","Primer semestre",2015,"2015-04-20",1,"2015-04-21","2015-05-02",11,"si","Pneumònia complicada","empiema",null,"si","IRA amb ventilacio mecànica",null,"Líquid Pleural","negatiu","positiu",{"$nulls":3},"Líquid Pleural","Només PCR","Curació","No","no",{"$nulls":16},"no vacunat","No vacunat","No vacunat","No vacunat",null,"carnet vacunal","12F/A/44/46","no","no","no","no","No",{"$nulls":4},0,"0-23","3 a 11 m","0 a 6 m"]
[21230,"home",20,"H. St. Joan de Deu","2013-08-12","2015-05-09","2015-05-09","maig","Primer semestre",2015,null,null,"2015-05-09","2015-05-14",5,"no","Bacteriemia oculta",null,null,"no",null,null,"Sang","positiu","no realitzat",{"$nulls":3},"Sang","Només Cultiu","Curació","No","si",4,"2013-11-11","13v","2014-02-12","13v","2014-06-05","13v","2015-04-23","13v",null,null,2,6,9,20,null,"13v","Complerta","Complerta","Complerta","dif vac/ingres 16","carnet vacunal","24","no","no","no","no","No",null,0.5,null,0.25,1,"0-23","12 a 23 m","7 a 23 m"]
[21240,"dona",47,"H. St. Joan de Deu","2011-06-04","2015-05-10","2015-05-15","maig","Primer semestre",2015,"2015-05-15",0,"2015-05-15","2015-05-21",6,"no","Pneumònia complicada","empiema",null,"si",null,null,"Líquid Pleural","no realitzat","positiu",{"$nulls":3},"Líquid Pleural","Només PCR","Curació","No","si",4,"2011-09-15","13v","2011-12-01","13v","2012-01-16","13v","2012-09-03","13v",null,null,3,5,7,14,null,"13v","Complerta","Complerta","Complerta",null,"centre salut","ONV","no","no","no","no","No",{"$nulls":4},3,"24-59","24 a 59 m","24 a 59 m"]
[21250,"home",24,"H. St. Joan de Deu","2013-05-04","2015-05-12","2015-05-17","maig","Primer semestre",2015,null,null,"2015-05-17","2015-05-22",5,"no","Pneumònia no complicada",null,null,"no",null,null,"Sang","positiu","positiu",{"$nulls":3},"Sang","Cultiu+PCR","Curació","No","si",4,"2013-08-12","13v","2013-10-15","13v","2013-12-16","13v","2014-05-16","13v",null,null,3,5,7,12,null,"13v","Complerta","Complerta","Complerta",null,"centre salut","24","no","no","no","no","No",null,0.5,null,0.12,2,"24-59","24 a 59 m","24 a 59 m"]
[21260,"dona",18,"H. St. Joan de Deu","2013-12-17","2015-06-17","2015-06-18","juny","Primer semestre",2015,null,null,"2015-06-18","2015-07-06",18,"si","Meningitis",null,null,"si","Infart cerebral",null,"Líquid Cefaloraquidi","positiu","positiu","Sang","positiu","positiu","Líquid Cefaloraquidi","Cultiu+PCR","Defunció","Si","no",{"$nulls":16},"no vacunat","No vacunat","No vacunat","No vacunat",null,"carnet vacunal","35F","no","no","no","no","No",null,0.015,null,0.015,1,"0-23","12 a 23 m","7 a 23 m"]
[21270,"dona",79,"H. St. Joan de Deu","2009-01-06","2015-08-31","2015-09-02","setembre","Segon semestre",2015,null,null,"2015-09-02","2015-09-15",13,"no","Pneumònia complicada","empiema+pneumonia necrotitzant",null,"si",null,null,"Líquid Pleural","no realitzat","positiu","Sang","negatiu","negatiu","Líquid Pleural","Només PCR","Curació amb sequeles","No","si",4,"2009-04-06","7v","2009-06-10","7v","2009-08-03","7v","2010-11-12","7v",null,null,3,5,6,22,null,"7v","No vacunat","No vacunat","Complerta",null,"centre salut","1","no","si","si","si","No",{"$nulls":4},6,">=60",">=60 m",">= 60 m"]
[21280,"dona",11,"H. St. Joan de Deu","2014-09-18","2015-09-01","2015-09-03","setembre","Segon semestre",2015,null,null,"2015-09-03","2015-09-09",6,"no","Bacteriemia oculta",null,null,"no",null,null,"Sang","positiu","negatiu",{"$nulls":3},"Sang","Només Cultiu","Curació","No","si",3,"2014-12-12","13v","2015-01-07","13v","2015-02-17","13v",{"$nulls":4},2,3,4,null,null,"13v","Incomplerta","Incomplerta","Incomplerta",null,"carnet vacunal","10A","no","no","no","si","No",null,0.015,null,0.03,0,"0-23","3 a 11 m","7 a 23 m"]
[21300,"dona",98,"H. St. Joan de Deu","2007-07-14","2015-10-01","2015-10-02","octubre","Segon semestre",2015,null,null,"2015-10-02","2015-10-09",7,"no","Pneumònia complicada","vessament pleural",null,"si",null,null,"Sang","negatiu","positiu",{"$nulls":3},"Sang","Només PCR","Curació amb sequeles","No","no consta","no consta",{"$nulls":15},"no consta","No consta","No consta","No consta",null,"no consta","1","no","si","si","si","Desconegut",{"$nulls":4},8,">=60",">=60 m",">= 60 m"]
[21310,"home",18,"H. St. Joan de Deu","2014-03-04","2015-10-02","2015-10-03","octubre","Segon semestre",2015,null,null,"2015-10-03","2015-10-07",4,"no","Mastoiditis",null,null,"no",null,null,"Sang","positiu","no realitzat",{"$nulls":3},"Sang","Només Cultiu","Curació","No","si",4,"2014-05-20","13v","2014-07-15","13v","2014-09-15","13v","2015-06-04","13v",null,null,2,4,6,15,null,"13v","Complerta","Complerta","Complerta",null,"centre salut","38","no","no","no","no","No",null,0.015,null,0.015,1,"0-23","12 a 23 m","7 a 23 m"]
[21320,"dona",49,"H. St. Joan de Deu","2011-08-27","2015-10-04","2015-10-09","octubre","Segon semestre",2015,null,null,"2015-10-09","2015-10-18",9,"no","Pneumònia complicada","empiema",null,"si",null,null,"Líquid Pleural","negatiu","positiu","Sang","negatiu","no realitzat","Líquid Pleural","Només PCR","Curació","No","si",3,"2012-06-29","13v","2012-09-04","13v","2012-11-26","13v",{"$nulls":4},10,12,14,null,null,"13v","Complerta","Complerta","Complerta",null,"centre salut","3","no","no","si","si","Fallo 13V",{"$nulls":4},4,"24-59","24 a 59 m","24 a 59 m"]
[21330,"dona",13,"H. St. Joan de Deu","2014-08-19","2015-10-18","2015-10-18","octubre","Segon semestre",2015,null,null,"2015-10-18","2015-10-27",9,"si","Bacteriemia oculta",null,null,"si","Convulsions",null,"Sang","positiu","positiu",{"$nulls":3},"Sang","Cultiu+PCR","Curació","No","si",3,"2014-12-19","13v","2015-01-21","13v","2015-03-18","13v",{"$nulls":4},4,5,6,null,null,"13v","Incomplerta","Incomplerta","Incomplerta",null,"carnet vacunal","10A","no","no","no","si","No",null,0.015,null,0.015,1,"0-23","12 a 23 m","7 a 23 m"]
[21340,"dona",129,"H. St. Joan de Deu","2005-01-26","2015-11-07","2015-11-12","novembre","Segon semestre",2015,"2015-11-10",2,"2015-11-12","2015-11-26",14,"si","Mastoiditis",null,null,"si","Empiema cerebral",null,"Empiema epidural","positiu","positiu","Sang","negatiu","negatiu","Empiema epidural","Cultiu+PCR","Curació amb sequeles","No","si",3,"2005-09-02","7v","2005-11-11","7v","2006-10-27","7v",{"$nulls":4},7,9,21,null,null,"7v","No vacunat","No vacunat","Complerta",null,"centre salut","27","no","no","no","no","No",null,0.015,null,0.015,10,">=60",">=60 m",">= 60 m"]
[21350,"home",41,"H. St. Joan de Deu","2012-06-12","2015-11-18","2015-11-21","novembre","Segon semestre",2015,null,null,"2015-11-21","2015-11-25",4,"no","Pneumònia no complicada",null,null,"no",null,null,"Sang","no realitzat","positiu",{"$nulls":3},"Sang","Només PCR","Curació","No","no",{"$nulls":16},"no vacunat","No vacunat","No vacunat","No vacunat",null,"centre salut","ONV","no","no","no","no","No",{"$nulls":4},3,"24-59","24 a 59 m","24 a 59 m"]
[21360,"home",9,"H. St. Joan de Deu","2015-02-14","2015-11-21","2015-11-22","novembre","Segon semestre",2015,null,null,"2015-11-22","2015-11-30",8,"no","infecció osteo articular",null,null,"no",null,null,"Líquid Articular","positiu","no realitzat",{"$nulls":3},"Líquid Articular","Només Cultiu","Curació","No","no",{"$nulls":16},"no vacunat","No vacunat","No vacunat","No vacunat",null,"centre salut","10A","no","no","no","si","No",null,0.015,null,0.015,0,"0-23","3 a 11 m","7 a 23 m"]
[21370,"home",21,"H. St. Joan de Deu","2014-01-30","2015-11-22","2015-11-26","novembre","Segon semestre",2015,null,null,"2015-11-26","2015-12-02",6,"si","Xoc sèptic",null,null,"no",null,null,"Sang","positiu","positiu",{"$nulls":3},"Sang","Cultiu+PCR","Curació","No","si",3,"2014-04-29","13v","2014-07-03","13v","2014-08-29","13v",{"$nulls":4},2,5,6,null,null,"13v","Malament","Malament","Malament",null,"carnet vacunal","33F","no","no","no","si","No",null,0.015,null,0.015,1,"0-23","12 a 23 m","7 a 23 m"]
[21380,"home",22,"H. St. Joan de Deu","2014-01-30","2015-12-03","2015-12-05","decembre","Segon semestre",2015,null,null,"2015-12-05","2015-12-15",10,"si","Pneumònia complicada","empiema",null,"si",null,null,"Líquid Pleural","negatiu","positiu","Sang","negatiu","negatiu","Líquid Pleural","Només PCR","Curació","No","si",4,"2014-04-29","13v","2014-07-04","13v","2014-09-04","13v","2015-09-29","13v",null,null,2,5,7,19,null,"13v","Complerta","Complerta","Complerta",null,"centre salut","12F/A/44/46","no","no","no","no","No",{"$nulls":4},1,"0-23","12 a 23 m","7 a 23 m"]
[21410,"home",29,"H. St. Joan de Deu","2013-06-20","2015-11-28","2015-12-13","decembre","Segon semestre",2015,null,null,"2015-12-13","2015-12-28",15,"no","Pneumònia complicada","pneumonia necrotitzant",null,"si",null,null,"Sang","negatiu","positiu",{"$nulls":3},"Sang","Només PCR","Curació","No","si",4,"2013-09-23","13v","2013-11-25","13v","2014-01-27","13v","2014-12-22","13v",null,null,3,5,7,18,null,"13v","Complerta","Complerta","Complerta",null,"centre salut","3","no","no","si","si","Fallo 13V",{"$nulls":4},2,"24-59","24 a 59 m","24 a 59 m"]
[21420,"dona",43,"H. St. Joan de Deu","2012-05-04","2015-12-25","2015-12-30","decembre","Segon semestre",2015,null,null,"2015-12-30","2016-01-05",6,"no","Pneumònia complicada","empiema+vessament pleural",null,"si",null,null,"Líquid Pleural","negatiu","positiu","Sang","negatiu","negatiu","Líquid Pleural","Només PCR","Curació","No","no",{"$nulls":16},"no vacunat","No vacunat","No vacunat","No vacunat",null,"centre salut","3","no","no","si","si","No",{"$nulls":4},3,"24-59","24 a 59 m","24 a 59 m"]
[21430,"dona",27,"H. St. Joan de Deu","2013-09-26","2015-12-29","2016-01-04","gener","Primer semestre",2016,null,null,"2016-01-04","2016-01-08",4,"no","Pneumònia no complicada",null,null,"no",null,null,"Sang","negatiu","positiu",{"$nulls":3},"Sang","Només PCR","Curació","No","si",4,"2013-11-26","13v","2014-01-28","13v","2014-03-28","13v","2015-01-29","13v",null,null,2,4,6,16,null,"13v","Complerta","Complerta","Complerta",null,"centre salut","33FA/37","no","no","no","no","No",{"$nulls":4},2,"24-59","24 a 59 m","24 a 59 m"]
[21450,"dona",15,"H. St. Joan de Deu","2014-10-11","2016-01-15","2016-02-04","febrer","Primer semestre",2016,null,null,"2016-02-04","2016-02-12",8,"no","Pneumònia complicada","vessament pleural",null,"si",null,null,"Sang","negatiu","positiu","Asp. nasofaringi","negatiu","positiu","Sang","Només PCR","Curació","No","no",{"$nulls":16},"no vacunat","No vacunat","No vacunat","No vacunat",null,"centre salut","ONV","no","no","no","no","No",{"$nulls":4},1,"0-23","12 a 23 m","7 a 23 m"]
[21460,"home",51,"H. St. Joan de Deu","2011-10-20","2016-02-06","2016-02-10","febrer","Primer semestre",2016,null,null,"2016-02-10","2016-02-23",13,"no","Pneumònia complicada","empiema",null,"si",null,null,"Líquid Pleural","negatiu","positiu","Sang","positiu","negatiu","Líquid Pleural","Cultiu+PCR","Curació","No","no",{"$nulls":16},"no vacunat","No vacunat","No vacunat","No vacunat",null,"centre salut","1","no","si","si","si","No","sensible",null,"sensible",null,4,"24-59","24 a 59 m","24 a 59 m"]
[21470,"dona",8,"H. St. Joan de Deu","2015-05-17","2016-02-04","2016-02-10","febrer","Primer semestre",2016,null,null,"2016-02-10","2016-02-17",7,"no","Pneumònia no complicada",null,null,"no",null,null,"Sang","positiu","negatiu",{"$nulls":3},"Sang","Només Cultiu","Curació","No","no",{"$nulls":16},"no vacunat","No vacunat","No vacunat","No vacunat",null,"carnet vacunal","6C","no","no","no","no","No",null,0.06,null,0.06,0,"0-23","3 a 11 m","7 a 23 m"]
[21480,"dona",83,"H. St. Joan de Deu","2009-02-14","2016-01-31","2016-02-06","febrer","Primer semestre",2016,null,null,"2016-02-06","2016-02-25",19,"no","Pneumònia complicada","vessament pleural+pneumonia necrotitzant",null,"si",null,null,"Sang","negatiu","positiu","Líquid Pleural","negatiu","negatiu","Sang","Només PCR","Curació amb sequeles","No","no",{"$nulls":16},"no vacunat","No vacunat","No vacunat","No vacunat",null,"centre salut","7FA","no","si","si","no","No",{"$nulls":4},6,">=60",">=60 m",">= 60 m"]
[21490,"home",62,"H. St. Joan de Deu","2010-11-21","2016-02-13","2016-02-18","febrer","Primer semestre",2016,null,null,"2016-02-18","2016-03-04",15,"no","Pneumònia complicada","vessament pleural",null,"si",null,null,"Sang","negatiu","positiu",{"$nulls":3},"Sang","Només PCR","Curació amb sequeles","No","no",{"$nulls":16},"no vacunat","No vacunat","No vacunat","No vacunat",null,"centre salut","ONV","no","no","no","no","No",{"$nulls":4},5,">=60",">=60 m",">= 60 m"]
[21500,"home",21,"H. St. Joan de Deu","2014-05-06","2016-02-29","2016-03-04","març","Primer semestre",2016,null,null,"2016-03-04","2016-03-27",23,"si","Xoc sèptic",null,null,"no",null,null,"Sang","negatiu","positiu",{"$nulls":3},"Sang","Només PCR","Curació","No","si",4,"2014-07-09","13v","2014-09-18","13v","2014-11-03","13v","2015-08-12","13v",null,null,2,4,5,15,null,"13v","Complerta","Complerta","Complerta",null,"carnet vacunal","ONV","no","no","no","no","No",{"$nulls":4},1,"0-23","12 a 23 m","7 a 23 m"]
[21510,"home",67,"H. St. Joan de Deu","2010-07-27","2016-03-07","2016-03-12","març","Primer semestre",2016,null,null,"2016-03-12","2016-03-31",19,"no","Pneumònia complicada","vessament pleural",null,"si",null,null,"Sang","positiu","positiu","Líquid Pleural","negatiu","negatiu","Sang","Cultiu+PCR","Curació","No","no",{"$nulls":16},"no vacunat","No vacunat","No vacunat","No vacunat",null,"carnet vacunal","3","no","no","si","si","No","sensible",null,"sensible",null,5,">=60",">=60 m",">= 60 m"]
[21520,"dona",31,"H. St. Joan de Deu","2013-08-02","2016-03-03","2016-03-14","març","Primer semestre",2016,null,null,"2016-03-14","2016-03-31",17,"no","Pneumònia complicada","empiema",null,"si",null,null,"Líquid Pleural","positiu","positiu","Sang","negatiu","positiu","Líquid Pleural","Cultiu+PCR","Curació","No","no",{"$nulls":16},"no vacunat","No vacunat","No vacunat","No vacunat",null,"centre salut","14","si","si","si","si","No",null,1,null,1,2,"24-59","24 a 59 m","24 a 59 m"]
[21530,"dona",135,"H. St. Joan de Deu","2004-12-05","2016-03-18","2016-03-24","març","Primer semestre",2016,"2016-03-24",0,"2016-03-24","2016-04-07",14,"si","Pneumònia complicada","empiema",null,"si",null,null,"Líquid Pleural","positiu","positiu","Sang","negatiu","positiu","Líquid Pleural","Cultiu+PCR","Curació","No","no",{"$nulls":16},"no vacunat","No vacunat","No vacunat","No vacunat",null,"centre salut","9V","si","si","si","no","No",null,0.06,null,0.06,11,">=60",">=60 m",">= 60 m"]
[21540,"dona",130,"H. St. Joan de Deu","2005-04-25","2016-03-18","2016-03-23","març","Primer semestre",2016,null,null,"2016-03-23","2016-04-07",15,"no","Pneumònia complicada","empiema",null,"si",null,null,"Sang","negatiu","positiu","Líquid Pleural","negatiu","positiu","Líquid Pleural","Només PCR","Curació","No","no",{"$nulls":16},"no vacunat","No vacunat","No vacunat","No vacunat",null,"centre salut","1","no","si","si","si","No",{"$nulls":4},10,">=60",">=60 m",">= 60 m"]
[21550,"dona",97,"H. St. Joan de Deu","2008-02-07","2016-03-18","2016-03-24","març","Primer semestre",2016,null,null,"2016-03-24","2016-03-31",7,"no","Pneumònia complicada","empiema",null,"si",null,null,"Sang","no realitzat","negatiu","Líquid Pleural","positiu","positiu","Líquid Pleural","Cultiu+PCR","Curació","No","si",4,"2008-04-09","7v","2008-05-02","7v","2008-07-11","7v","2009-02-27","7v",null,null,2,2,5,12,null,"7v","No vacunat","No vacunat","Malament","dif entre D 23d","centre salut","12F","no","no","no","si","No",null,0.015,null,0.015,8,">=60",">=60 m",">= 60 m"]
[21560,"dona",77,"H. St. Joan de Deu","2009-09-28","2016-03-24","2016-03-25","març","Primer semestre",2016,null,null,"2016-03-25","2016-04-04",10,"si","Pneumònia no complicada",null,null,"no",null,null,"Sang","negatiu","positiu",{"$nulls":3},"Sang","Només PCR","Curació","No","no",{"$nulls":16},"no vacunat","No vacunat","No vacunat","No vacunat",null,"història clínica","3","no","no","si","si","No",{"$nulls":4},6,">=60",">=60 m",">= 60 m"]
[21570,"home",97,"H. St. Joan de Deu","2008-02-02","2016-03-15","2016-03-25","març","Primer semestre",2016,null,null,"2016-03-25","2016-04-06",12,"no","Pneumònia complicada","empiema",null,"si",null,null,"Sang","negatiu","positiu","Líquid Pleural","positiu","positiu","Líquid Pleural","Cultiu+PCR","Curació","No","si",4,"2008-07-02","7v","2008-09-09","7v","2008-11-04","7v","2010-03-02","7v",null,null,5,7,9,25,null,"7v","No vacunat","No vacunat","Complerta",null,"centre salut","1","no","si","si","si","No","sensible",null,"sensible",null,8,">=60",">=60 m",">= 60 m"]
[21590,"dona",15,"H. St. Joan de Deu","2014-11-28","2016-03-15","2016-03-16","març","Primer semestre",2016,null,null,"2016-03-16","2016-03-18",2,"no","Bacteriemia oculta",null,null,"no",null,null,"Sang","positiu","positiu",{"$nulls":3},"Sang","Cultiu+PCR","Curació","No","no",{"$nulls":16},"no vacunat","No vacunat","No vacunat","No vacunat",null,"centre salut","14","si","si","si","si","No",null,1,null,1,1,"0-23","12 a 23 m","7 a 23 m"]
[21600,"home",23,"H. St. Joan de Deu","2014-04-14","2016-04-02","2016-04-04","abril","Primer semestre",2016,null,null,"2016-04-04","2016-04-20",16,"no","Pneumònia complicada","vessament pleural",null,"si",null,null,"Sang","negatiu","positiu","Líquid Pleural","negatiu","no realitzat","Sang","Només PCR","Curació","No","si",4,"2014-07-30","13v","2014-09-18","13v","2014-10-17","13v","2015-07-20","13v",null,null,3,5,6,15,null,"13v","Complerta","Complerta","Complerta",null,"centre salut","3","no","no","si","si","Fallo 13V",{"$nulls":4},1,"0-23","12 a 23 m","7 a 23 m"]
[21610,"home",9,"H. St. Joan de Deu","2015-07-12","2016-04-18","2016-04-23","abril","Primer semestre",2016,null,null,"2016-04-23","2016-04-28",5,"no","Pneumònia complicada","empiema",null,"si",null,null,"Sang","negatiu","positiu","Líquid Pleural","negatiu","positiu","Líquid Pleural","Només PCR","Curació","No","no",{"$nulls":16},"no vacunat","No vacunat","No vacunat","No vacunat",null,"carnet vacunal","ONV","no","no","no","no","No",{"$nulls":4},0,"0-23","3 a 11 m","7 a 23 m"]
[21620,"home",52,"H. St. Joan de Deu","2011-12-16","2016-05-01","2016-05-05","maig","Primer semestre",2016,{"$nulls":3},"2016-05-30",null,"no","Pneumònia complicada","vessament pleural+pneumonia necrotitzant",null,"si","Abcés pulmonar",null,"Sang","negatiu","positiu",{"$nulls":3},"Sang","Només PCR","Curació","No","si",3,"2012-03-15","13v","2012-05-22","13v","2013-09-27","13v",{"$nulls":4},2,5,21,null,null,"13v","Malament","Malament","Malament",null,"centre salut","12F/A/44/46","no","no","no","no","No",{"$nulls":4},4,"24-59","24 a 59 m","24 a 59 m"]
[21630,"home",58,"H. St. Joan de Deu","2011-06-27","2016-05-01","2016-05-06","maig","Primer semestre",2016,"2016-05-05",1,"2016-05-06","2016-06-10",35,"si","Pneumònia complicada","empiema+pneumonia necrotitzant","RX+ECO+TAC","si",null,null,"Sang","no realitzat","positiu","Líquid Pleural","negatiu","positiu","Líquid Pleural","Només PCR","Curació amb sequeles","No","si",2,"2012-08-31","13v","2012-11-08","13v",{"$nulls":6},14,16,{"$nulls":3},"13v","Complerta","Complerta","Complerta",null,"centre salut","3","no","no","si","si","Fallo 13V",{"$nulls":4},4,"24-59","24 a 59 m","24 a 59 m"]
[21650,"home",36,"H. St. Joan de Deu","2013-05-29","2016-06-14","2016-06-18","juny","Primer semestre",2016,"2016-06-17",1,"2016-06-18","2016-07-07",19,"no","Pneumònia complicada","empiema",null,"si",null,null,"Sang","no realitzat","positiu","Líquid Pleural","no realitzat","positiu","Líquid Pleural","Només PCR","Curació","No","si",3,"2013-10-07","13v","2013-12-13","13v","2014-03-12","13v",{"$nulls":4},4,6,9,null,null,"13v","Malament","Malament","Malament",null,"centre salut","3","no","no","si","si","No",{"$nulls":4},3,"24-59","24 a 59 m","24 a 59 m"]
[21660,"dona",18,"H. St. Joan de Deu","2014-12-18","2016-06-24","2016-06-30","juny","Primer semestre",2016,"2016-06-30",0,"2016-06-30","2016-07-11",11,"no","Pneumònia complicada","empiema",null,"si",null,"Sang","Líquid Pleural","negatiu","positiu",{"$nulls":3},"Líquid Pleural","Cultiu+PCR","Curació","No","si",4,"2015-02-19","13v","2015-04-23","13v","2015-06-18","13v","2016-03-31","13v",null,null,2,4,6,15,null,"13v","Complerta","Complerta","Complerta",null,"centre salut","38","no","no","no","no","No","sensible",null,"sensible",null,1,"0-23","12 a 23 m","7 a 23 m"]
[21670,"dona",62,"H. St. Joan de Deu","2011-02-16","2016-04-24","2016-04-27","abril","Primer semestre",2016,null,null,"2016-04-27","2016-05-05",8,"no","Pneumònia no complicada",null,null,"no",null,null,"Sang","negatiu","positiu",{"$nulls":3},"Sang","Només PCR","Curació","No","no",{"$nulls":16},"no vacunat","No vacunat","No vacunat","No vacunat",null,"centre salut","ONV","no","no","no","no","No",{"$nulls":4},5,">=60",">=60 m",">= 60 m"]
[30020,"dona",85,"Hospital de Nens","2006-02-03","2013-03-02","2013-03-08","març","Primer semestre",2013,null,null,"2013-03-08","2013-03-14",6,"no","Pneumònia complicada","empiema","RX+ECO","si",null,null,"Líquid Pleural","negatiu","positiu","Sang","negatiu","no realitzat","Líquid Pleural","Només PCR","Curació","No","si",4,"2006-05-05","7v","2006-07-03","7v","2006-09-12","7v","2007-02-15","7v",null,null,3,5,7,12,null,"7v","No vacunat","No vacunat","Complerta",null,"carnet vacunal","7FA","no","si","si","no","No",{"$nulls":4},7,">=60",">=60 m",">= 60 m"]
[30030,"home",44,"Hospital de Nens","2008-06-23","2012-02-28","2012-03-02","març","Primer semestre",2012,null,null,"2012-03-02","2012-03-14",12,"no","Pneumònia complicada","empiema+pneumonia necrotitzant","RX+ECO","si",null,null,"Líquid Pleural","positiu","positiu","Sang","negatiu","no realitzat","Líquid Pleural","Cultiu+PCR","Curació amb sequeles","No","no",{"$nulls":16},"no vacunat","No vacunat","No vacunat","No vacunat",null,"història clínica","7F","no","si","si","si","No",{"$nulls":4},3,"24-59","24 a 59 m","24 a 59 m"]
[30040,"home",9,"Hospital de Nens","2011-07-15","2012-05-06","2012-05-06","maig","Primer semestre",2012,null,null,"2012-05-06","2012-05-14",8,"no","Bacteriemia oculta",null,null,"no",null,null,"Sang","positiu","no realitzat",{"$nulls":3},"Sang","Només Cultiu","Curació","No","si",3,"2011-09-20","13v","2011-12-21","13v","2012-03-18","13v",{"$nulls":4},2,5,8,null,null,"13v","Incomplerta","Incomplerta","Incomplerta",null,"història clínica","12F","no","no","no","si","No",null,0.015,null,0.015,0,"0-23","3 a 11 m","7 a 23 m"]
[30050,"home",23,"Hospital de Nens","2010-06-07","2012-06-01","2012-06-06","juny","Primer semestre",2012,null,null,"2012-06-06","2012-06-11",5,"no","Pneumònia no complicada",null,null,"no",null,null,"Sang","positiu","no realitzat",{"$nulls":3},"Sang","Només Cultiu","Curació","No","si",3,"2010-09-10","13v","2010-11-08","13v","2011-11-28","13v",{"$nulls":4},3,5,17,null,null,"13v","Incomplerta","Incomplerta","Incomplerta",null,"carnet vacunal","1","no","si","si","si","Fallo 13V",null,0.015,null,0.015,1,"0-23","12 a 23 m","7 a 23 m"]
[30070,"home",147,"Hospital de Nens","1999-09-15","2012-01-06","2012-01-09","gener","Primer semestre",2012,null,null,"2012-01-09","2012-01-20",11,"no","Pneumònia complicada","empiema","RX+ECO","si",null,null,"Líquid Pleural","negatiu","positiu","Sang","negatiu","no realitzat","Líquid Pleural","Només PCR","Curació","No","no",{"$nulls":16},"no vacunat","No vacunat","No vacunat","No vacunat",null,"carnet vacunal","1","no","si","si","si","No",{"$nulls":4},12,">=60",">=60 m",">= 60 m"]
[30080,"dona",26,"Hospital de Nens","2009-11-16","2012-01-31","2012-02-03","febrer","Primer semestre",2012,null,null,"2012-02-03","2012-02-10",7,"no","Pneumònia complicada","empiema","RX+ECO","si",null,null,"Líquid Pleural","negatiu","positiu","Sang","negatiu","no realitzat","Líquid Pleural","Només PCR","Curació amb sequeles","No","si",4,"2010-01-20","7v","2010-03-25","7v","2010-05-30","7v","2011-01-13","7v",null,null,2,4,6,13,null,"7v","No vacunat","No vacunat","Complerta",null,"carnet vacunal","19A","no","no","si","si","No",{"$nulls":4},2,"24-59","24 a 59 m","24 a 59 m"]
[30090,"dona",15,"Hospital de Nens","2010-11-02","2012-02-07","2012-02-09","febrer","Primer semestre",2012,null,null,"2012-02-09","2012-02-23",14,"no","Pneumònia complicada","empiema+pneumonia necrotitzant","RX+ECO+TAC","si","Pneumotòrax",null,"Líquid Pleural","negatiu","positiu","Sang","negatiu","no realitzat","Líquid Pleural","Només PCR","Curació amb sequeles","No","si",3,"2011-02-01","13v","2011-04-10","13v","2011-07-07","13v",{"$nulls":4},2,5,8,null,null,"13v","Incomplerta","Incomplerta","Incomplerta",null,"carnet vacunal","3","no","no","si","si","Fallo 13V",{"$nulls":4},1,"0-23","12 a 23 m","7 a 23 m"]
[30100,"dona",161,"Hospital de Nens","1999-03-05","2012-08-25","2012-08-26","agost","Segon semestre",2012,"2012-08-25",1,"2012-08-26","2012-09-10",15,"no","Pneumònia complicada","empiema+vessament pleural","RX+ECO","si",null,null,"Líquid Pleural","negatiu","positiu","Sang","negatiu","negatiu","Líquid Pleural","Només PCR","Curació","No","no",{"$nulls":16},"no vacunat","No vacunat","No vacunat","No vacunat",null,"carnet vacunal","1","no","si","si","si","No",{"$nulls":4},13,">=60",">=60 m",">= 60 m"]
[30110,"home",24,"Hospital de Nens","2010-11-07","2012-11-10","2012-11-15","novembre","Segon semestre",2012,null,null,"2012-11-15","2012-11-23",8,"no","Pneumònia complicada","empiema","RX+ECO","si",null,null,"Líquid Pleural","negatiu","positiu","Sang","negatiu","no realitzat","Líquid Pleural","Només PCR","Curació","No","si",2,"2011-11-23","13v","2012-09-06","13v",{"$nulls":6},12,21,{"$nulls":3},"13v","Complerta","Complerta","Complerta",null,"carnet vacunal","3","no","no","si","si","Fallo 13V",{"$nulls":4},2,"24-59","24 a 59 m","24 a 59 m"]
[30120,"dona",68,"Hospital de Nens","2007-06-04","2013-02-01","2013-02-05","febrer","Primer semestre",2013,null,null,"2013-02-05","2013-02-11",6,"no","Pneumònia complicada","empiema","RX+ECO","si",null,null,"Líquid Pleural","negatiu","positiu","Sang","negatiu","no realitzat","Líquid Pleural","Només PCR","Curació","No","si",4,"2007-09-04","7v","2007-11-06","7v","2008-01-10","7v","2008-10-09","7v",null,null,3,5,7,16,null,"7v","No vacunat","No vacunat","Complerta",null,"carnet vacunal","7F","no","si","si","si","No",{"$nulls":4},5,">=60",">=60 m",">= 60 m"]
[30130,"dona",69,"Hospital de Nens","2007-04-08","2013-01-29","2013-02-02","febrer","Primer semestre",2013,null,null,"2013-02-02","2013-02-11",9,"no","Pneumònia complicada","empiema","RX+ECO","si",null,null,"Líquid Pleural","negatiu","positiu","Sang","negatiu","no realitzat","Líquid Pleural","Només PCR","Curació","No","si",3,"2007-06-15","7v","2007-09-01","7v","2008-05-05","7v",{"$nulls":4},2,4,12,null,null,"7v","No vacunat","No vacunat","Malament",null,"història clínica","7F","no","si","si","si","No",{"$nulls":4},5,">=60",">=60 m",">= 60 m"]
[30140,"dona",50,"Hospital de Nens","2009-03-26","2013-05-28","2013-05-31","maig","Primer semestre",2013,null,null,"2013-05-31","2013-06-11",11,"no","Pneumònia complicada","empiema",null,"si",null,null,"Líquid Pleural","negatiu","positiu","Sang","negatiu","no realitzat","Líquid Pleural","Només PCR","Curació","No","si",4,"2009-06-26","7v","2009-09-04","7v","2009-11-06","7v","2011-05-20","13v",null,null,3,5,7,25,null,"13v","Complerta","Complerta","Complerta",null,"carnet vacunal","3","no","no","si","si","Fallo 13V",{"$nulls":4},4,"24-59","24 a 59 m","24 a 59 m"]
[30150,"home",43,"Hospital de Nens","2010-03-01","2013-10-01","2013-10-04","octubre","Segon semestre",2013,null,null,"2013-10-04","2013-10-17",13,"no","Pneumònia complicada","empiema+pneumonia necrotitzant","RX+ECO","si","Pneumotòrax",null,"Líquid Pleural","negatiu","positiu",{"$nulls":3},"Líquid Pleural","Només PCR","Curació amb sequeles","No","si",3,"2010-07-27","13v","2010-10-08","13v","2011-10-13","13v",{"$nulls":4},4,7,19,null,null,"13v","Malament","Malament","Malament",null,"carnet vacunal","3","no","no","si","si","No",{"$nulls":4},3,"24-59","24 a 59 m","24 a 59 m"]
[30160,"dona",78,"Hospital de Nens","2007-05-21","2013-12-19","2013-12-19","decembre","Segon semestre",2013,null,null,"2013-12-19","2014-01-07",19,"si","Xoc sèptic",null,null,"no",null,null,"Sang","positiu","no realitzat","Líquid Peritoneal","negatiu","no realitzat","Sang","Només Cultiu","Curació","No","si",4,"2007-08-21","7v","2008-01-24","7v","2008-03-19","7v","2010-02-04","7v",null,null,3,8,9,32,null,"7v","No vacunat","No vacunat","Complerta",null,"carnet vacunal","1","no","si","si","si","No",null,0.015,null,0.015,6,">=60",">=60 m",">= 60 m"]
[30170,"home",33,"Hospital de Nens","2011-04-07","2014-01-25","2014-01-29","gener","Primer semestre",2014,null,null,"2014-01-29","2014-02-07",9,"no","Pneumònia complicada","empiema+pneumonia necrotitzant","RX+ECO","si",null,null,"Líquid Pleural","negatiu","positiu","Sang","negatiu","no realitzat","Líquid Pleural","Només PCR","Curació amb sequeles","No","si",3,"2011-08-04","13v","2011-10-06","13v","2011-12-27","13v",{"$nulls":4},3,5,8,null,null,"13v","Malament","Malament","Malament",null,"carnet vacunal","3","no","no","si","si","No",{"$nulls":4},2,"24-59","24 a 59 m","24 a 59 m"]
[30180,"home",43,"Hospital de Nens","2010-06-19","2014-01-26","2014-01-31","gener","Primer semestre",2014,null,null,"2014-01-31","2014-02-14",14,"no","Pneumònia complicada","empiema+pneumonia necrotitzant","RX+ECO","si","Fístula Broncopleural",null,"Líquid Pleural","negatiu","positiu",{"$nulls":3},"Líquid Pleural","Només PCR","Curació","No","si",4,"2010-09-20","13v","2010-11-19","13v","2011-06-28","13v","2011-09-19","13v",null,null,3,5,12,15,null,"13v","Complerta","Complerta","Complerta",null,"carnet vacunal","3","no","no","si","si","Fallo 13V",{"$nulls":4},3,"24-59","24 a 59 m","24 a 59 m"]
[30190,"dona",62,"Hospital de Nens","2008-12-01","2014-02-02","2014-02-07","febrer","Primer semestre",2014,null,null,"2014-02-07","2014-02-20",13,"no","Pneumònia complicada","empiema+pneumonia necrotitzant",null,"si",null,null,"Líquid Pleural","negatiu","positiu","Sang","negatiu","no realitzat","Líquid Pleural","Només PCR","Curació amb sequeles","No","si",3,"2009-07-31","7v","2009-10-02","7v","2010-09-13","13v",{"$nulls":4},7,10,21,null,null,"13v","Malament","Malament","Complerta",null,"carnet vacunal","3","no","no","si","si","No",{"$nulls":4},5,">=60",">=60 m",">= 60 m"]
[30200,"dona",73,"Hospital de Nens","2008-01-22","2014-03-04","2014-03-07","març","Primer semestre",2014,null,null,"2014-03-07","2014-03-08",1,"no","Celul·litis Orbitària",null,null,"no",null,null,"Sang","positiu","no realitzat",{"$nulls":3},"Sang","Només Cultiu","Curació","No","si",4,"2008-07-01","7v","2008-09-03","7v","2008-11-26","7v","2009-11-30","7v",null,null,5,7,10,22,null,"7v","No vacunat","No vacunat","Complerta",null,"carnet vacunal","15A","no","no","no","no","No",null,0.015,null,0.015,6,">=60",">=60 m",">= 60 m"]
[30210,"dona",16,"Hospital de Nens","2012-11-11","2014-03-31","2014-03-31","març","Primer semestre",2014,null,null,"2014-03-31","2014-04-07",7,"no","Celul·litis Orbitària",null,null,"no",null,null,"Sang","positiu","no realitzat",{"$nulls":3},"Sang","Només Cultiu","Curació","No","si",4,"2013-02-11","13v","2013-04-15","13v","2013-06-17","13v","2014-02-11","13v",null,null,3,5,7,15,null,"13v","Complerta","Complerta","Complerta",null,"carnet vacunal","11A","no","no","no","si","No",null,1,null,2,1,"0-23","12 a 23 m","7 a 23 m"]
[30220,"home",39,"Hospital de Nens","2011-10-26","2015-02-10","2015-02-13","febrer","Primer semestre",2015,null,null,"2015-02-13","2015-02-19",6,"no","Pneumònia complicada","vessament pleural",null,"si",null,null,"Sang","negatiu","positiu",{"$nulls":3},"Sang","Només PCR","Curació","No","si",4,"2012-01-27","13v","2012-03-29","13v","2012-05-30","13v","2013-01-30","13v",null,null,3,5,7,15,null,"13v","Complerta","Complerta","Complerta",null,"carnet vacunal","ONV","no","no","no","no","No",{"$nulls":4},3,"24-59","24 a 59 m","24 a 59 m"]
[30230,"home",16,"Hospital de Nens","2013-12-12","2015-04-08","2015-04-12","abril","Primer semestre",2015,null,null,"2015-04-12","2015-04-30",18,"no","Pneumònia complicada","vessament pleural",null,"si",null,null,"Sang","positiu","no realitzat",{"$nulls":3},"Sang","Només Cultiu","Curació","No","si",3,"2014-03-19","13v","2014-05-21","13v","2014-07-24","13v",{"$nulls":4},3,5,7,null,null,"13v","Incomplerta","Incomplerta","Incomplerta",null,"carnet vacunal","24F","no","no","no","no","No",null,0.5,null,0.06,1,"0-23","12 a 23 m","7 a 23 m"]
[30240,"dona",11,"Hospital de Nens","2014-11-05","2015-10-13","2015-10-21","octubre","Segon semestre",2015,null,null,"2015-10-21","2015-10-21",0,"no","Bacteriemia oculta",null,null,"no",null,null,"Sang","positiu","no realitzat",{"$nulls":3},"Sang","Només Cultiu","Curació","No","si",3,"2015-02-05","13v","2015-04-07","13v","2015-06-10","13v",{"$nulls":4},3,5,7,null,null,"13v","Incomplerta","Incomplerta","Incomplerta",null,"carnet vacunal","16F","no","no","no","no","No",null,0.12,null,0.03,0,"0-23","3 a 11 m","7 a 23 m"]
[30250,"home",60,"Hospital de Nens","2010-10-02","2015-10-20","2015-10-24","octubre","Segon semestre",2015,null,null,"2015-10-24","2015-11-09",16,"no","Pneumònia complicada","vessament pleural","RX+ECO","si",null,null,"Líquid Pleural","negatiu","positiu","Sang","negatiu","no realitzat","Líquid Pleural","Només PCR","Curació","No","si",4,"2011-01-11","13v","2011-03-03","13v","2011-05-04","13v","2011-12-30","13v",null,null,3,5,7,14,null,"13v","Complerta","Complerta","Complerta",null,"carnet vacunal","3","no","no","si","si","Fallo 13V",{"$nulls":4},5,">=60",">=60 m",">= 60 m"]
[30260,"dona",38,"Hospital de Nens","2012-08-06","2015-11-01","2015-11-01","novembre","Segon semestre",2015,null,null,"2015-11-01","2015-11-08",7,"no","Bacteriemia oculta",null,null,"no",null,null,"Sang","positiu","no realitzat",{"$nulls":3},"Sang","Només Cultiu","Curació","No","no",{"$nulls":16},"no vacunat","No vacunat","No vacunat","No vacunat",null,"història clínica","9V","si","si","si","no","No",null,0.015,null,0.015,3,"24-59","24 a 59 m","24 a 59 m"]
[30270,"dona",11,"Hospital de Nens","2015-01-16","2016-01-04","2016-01-04","gener","Primer semestre",2016,null,null,"2016-01-04","2016-01-06",2,"no","Bacteriemia oculta",null,null,"no",null,null,"Sang","positiu","no realitzat",{"$nulls":3},"Sang","Només Cultiu","Curació","No","si",3,"2015-04-16","13v","2015-06-17","13v","2015-09-03","13v",{"$nulls":4},3,5,7,null,null,"13v","Incomplerta","Incomplerta","Incomplerta",null,"carnet vacunal","15B","no","no","no","si","No","sensible",null,"sensible",null,0,"0-23","3 a 11 m","7 a 23 m"]
[30280,"home",41,"Hospital de Nens","2012-08-08","2016-01-25","2016-01-31","gener","Primer semestre",2016,null,null,"2016-01-31","2016-02-07",7,"no","Pneumònia complicada","pneumonia necrotitzant",null,"si",null,null,"Sang","negatiu","positiu",{"$nulls":3},"Sang","Només PCR","Curació","No","si",4,"2012-11-09","13v","2013-01-07","13v","2013-03-08","13v","2013-12-13","13v",null,null,3,4,7,16,null,"13v","Complerta","Complerta","Complerta",null,"carnet vacunal","3","no","no","si","si","Fallo 13V",{"$nulls":4},3,"24-59","24 a 59 m","24 a 59 m"]
[30300,"home",107,"Hospital de Nens","2007-02-28","2016-02-12","2016-02-18","febrer","Primer semestre",2016,null,null,"2016-02-18","2016-03-09",20,"no","Pneumònia complicada","empiema+pneumonia necrotitzant","RX+ECO","si","Pneumotòrax",null,"Líquid Pleural","negatiu","positiu","Sang","negatiu","positiu","Líquid Pleural","Només PCR","Curació","No","si",4,"2007-05-28","7v","2007-08-13","7v","2007-10-25","7v","2008-09-15","7v",null,null,3,5,7,18,null,"7v","No vacunat","No vacunat","Complerta",null,"carnet vacunal","1","no","si","si","si","No",{"$nulls":4},8,">=60",">=60 m",">= 60 m"]
[30310,"home",35,"Hospital de Nens","2013-02-28","2016-02-19","2016-02-24","febrer","Primer semestre",2016,null,null,"2016-02-24","2016-03-07",12,"no","Pneumònia complicada","empiema+pneumonia necrotitzant","RX+ECO","si",null,null,"Líquid Pleural","negatiu","positiu","Sang","negatiu","positiu","Líquid Pleural","Només PCR","Curació","No","si",4,"2013-04-30","13v","2013-08-05","13v","2013-11-29","13v","2014-08-29","13v",null,null,2,5,9,18,null,"13v","Complerta","Complerta","Complerta",null,"carnet vacunal","3","no","no","si","si","Fallo 13V",{"$nulls":4},2,"24-59","24 a 59 m","24 a 59 m"]

{"sheet":"Sheet2","index":1,"n_rows":0,"n_cols":0,"rows_kept":0}

{"sheet":"Sheet3","index":2,"n_rows":0,"n_cols":0,"rows_kept":0}